Statistiques concernant Trouvez le pays aléatoire avec des indices de couleur

Cliquez ici pour prendre le quiz!

Statistiques générales

  • Ce quiz a été pris 786 396 fois
  • Le résultat moyen est 37 sur 196

Réponses sur la Carte

Les réponses sont colorées sur une échelle allant du rouge au vert en fonction du pourcentage des utilisateurs qui les ont devinées à leur premier essai. Vous pouvez retrouver ces pourcentages ci-dessous.
 

Statistiques - réponses

CountryPays% Correct
CountryFrance
91%
CountryFrance
88%
CountryFrance
87%
CountryFrance
86%
CountryFrance
85%
CountryFrance
84%
CountryFrance
83%
CountryFrance
82%
CountryFrance
81%
CountryFrance
80%
CountryFrance
79%
CountryFrance
78%
CountryFrance
77%
CountryRussie
72%
CountryEtats-Unis
71%
CountryEspagne
70%
CountryEspagne
68%
CountryRussie
68%
CountryChine
67%
CountryCanada
66%
CountryChine
65%
CountryBrésil
64%
CountryItalie
64%
CountryRussie
64%
CountryItalie
63%
CountryRussie
63%
CountryBelgique
62%
CountryChine
62%
CountryMexique
62%
CountryRussie
62%
CountryAlgérie
61%
CountryAustralie
61%
CountryEtats-Unis
61%
CountryJapon
61%
CountryMaroc
61%
CountryPortugal
61%
CountryRussie
61%
CountryAllemagne
60%
CountryArgentine
60%
CountryChine
60%
CountryEspagne
60%
CountryFinlande
60%
CountryInde
60%
CountryPologne
60%
CountryPortugal
60%
CountryRoyaume-Uni
60%
CountryRussie
60%
CountrySuède
60%
CountrySuisse
60%
CountryUkraine
60%
CountryAllemagne
59%
CountryChine
59%
CountryDanemark
59%
CountryEspagne
59%
CountryMongolie
59%
CountryNorvège
59%
CountryRussie
59%
CountryTunisie
59%
CountryTurquie
59%
CountryAfrique du Sud
58%
CountryAllemagne
58%
CountryChili
58%
CountryColombie
58%
CountryÉgypte
58%
CountryEspagne
58%
CountryEstonie
58%
CountryGrèce
58%
CountryIndonésie
58%
CountryIrlande
58%
CountryIslande
58%
CountryLuxembourg
58%
Country Nouvelle-Zélande
58%
CountryPays-Bas
58%
CountryPérou
58%
CountryRépublique démocratique du Congo
58%
CountryRépublique du Congo
58%
CountryRoumanie
58%
CountryRussie
58%
CountryAlbanie
57%
CountryAngola
57%
CountryArabie Saoudite
57%
CountryAutriche
57%
CountryBiélorussie
57%
CountryBolivie
57%
CountryBulgarie
57%
CountryChine
57%
CountryCorée du Nord
57%
CountryCorée du Sud
57%
CountryCosta Rica
57%
CountryCroatie
57%
CountryCuba
57%
CountryÉquateur
57%
CountryEspagne
57%
CountryHonduras
57%
CountryHongrie
57%
CountryIrak
57%
CountryIran
57%
CountryJapon
57%
CountryKazakhstan
57%
CountryLettonie
57%
CountryLituanie
57%
CountryMali
57%
CountryMalte
57%
CountryMoldavie
57%
CountryMonaco
57%
CountryNiger
57%
CountryPanama
57%
CountryParaguay
57%
CountryRussie
57%
CountrySénégal
57%
CountryUruguay
57%
CountryVenezuela
57%
CountryAfghanistan
56%
CountryAllemagne
56%
CountryAndorre
56%
CountryAntigua-et-Barbuda
56%
CountryArménie
56%
CountryAzerbaïdjan
56%
CountryBahamas
56%
CountryBahreïn
56%
CountryBangladesh
56%
CountryBarbade
56%
CountryBelize
56%
CountryBénin
56%
CountryBhoutan
56%
CountryBirmanie
56%
CountryBosnie-Herzégovine
56%
CountryBotswana
56%
CountryBrunei
56%
CountryBurkina Faso
56%
CountryBurundi
56%
CountryCambodge
56%
CountryCameroun
56%
CountryCap-Vert
56%
CountryChine
56%
CountryChypre
56%
CountryComores
56%
CountryCôte d'Ivoire
56%
CountryDjibouti
56%
CountryDominique
56%
CountryÉmirats arabes unis
56%
CountryÉrythrée
56%
CountryEswatini
56%
CountryEtats-Unis
56%
CountryÉthiopie
56%
CountryFidji
56%
CountryGabon
56%
CountryGambie
56%
CountryGéorgie
56%
CountryGhana
56%
CountryGrenade
56%
CountryGuatemala
56%
CountryGuinée
56%
CountryGuinée-Bissau
56%
CountryGuinée équatoriale
56%
CountryGuyana
56%
CountryHaïti
56%
CountryÎle Maurice
56%
CountryÎles Marshall
56%
CountryIsraël
56%
CountryJamaïque
56%
CountryJordanie
56%
CountryKenya
56%
CountryKirghizistan
56%
CountryKiribati
56%
CountryKosovo
56%
CountryKoweït
56%
CountryLaos
56%
CountryLesotho
56%
CountryLiban
56%
CountryLiberia
56%
CountryLibye
56%
CountryLiechtenstein
56%
CountryMacédoine du Nord
56%
CountryMadagascar
56%
CountryMalaisie
56%
CountryMalawi
56%
CountryMaldives
56%
CountryMauritanie
56%
CountryMicronésie
56%
CountryMonténégro
56%
CountryMozambique
56%
CountryNamibie
56%
CountryNauru
56%
CountryNépal
56%
CountryNicaragua
56%
CountryNigeria
56%
CountryOman
56%
CountryOuganda
56%
CountryOuzbékistan
56%
CountryPakistan
56%
CountryPalaos
56%
CountryPapouasie-Nouvelle-Guinée
56%
CountryPays Mystère
56%
CountryPhilippines
56%
CountryQatar
56%
CountryRépublique Centrafricaine
56%
CountryRépublique dominicaine
56%
CountryRépublique tchèque
56%
CountryRussie
56%
CountryRwanda
56%
CountrySaint-Christophe- et-Niévès
56%
CountrySainte-Lucie
56%
CountrySaint-Marin
56%
CountrySaint-Vincent-et-les-Grenadines
56%
CountrySalomon
56%
CountrySalvador
56%
CountrySamoa
56%
CountrySao Tomé-et-Principe
56%
CountrySerbie
56%
CountrySeychelles
56%
CountrySierra Leone
56%
CountrySingapour
56%
CountrySlovaquie
56%
CountrySlovénie
56%
CountrySomalie
56%
CountrySoudan
56%
CountrySoudan du Sud
56%
CountrySri Lanka
56%
CountrySuriname
56%
CountrySyrie
56%
CountryTadjikistan
56%
CountryTaïwan
56%
CountryTanzanie
56%
CountryTchad
56%
CountryThaïlande
56%
CountryTimor oriental
56%
CountryTogo
56%
CountryTonga
56%
CountryTrinité-et-Tobago
56%
CountryTurkménistan
56%
CountryTuvalu
56%
CountryVanuatu
56%
CountryVatican
56%
CountryViêt Nam
56%
CountryYémen
56%
CountryZambie
56%
CountryZimbabwe
56%
CountryEtats-Unis
55%
CountryItalie
55%
CountryRussie
55%
CountrySuisse
55%
CountryAllemagne
54%
CountryBrésil
54%
CountryCanada
54%
CountryChine
54%
CountryEspagne
54%
CountryItalie
54%
CountryRussie
54%
CountryAllemagne
53%
CountryChine
53%
CountryEspagne
53%
CountryItalie
53%
CountryMongolie
53%
CountryRussie
53%
CountryBelgique
52%
CountryEspagne
52%
CountryItalie
52%
CountryMaroc
52%
CountryAllemagne
51%
CountryChine
51%
CountryEspagne
51%
CountryMexique
51%
CountryPortugal
51%
CountryRussie
51%
CountryAlgérie
50%
CountryAustralie
50%
CountryChine
50%
CountryItalie
50%
CountryPortugal
50%
CountryRoyaume-Uni
50%
CountryRussie
50%
CountrySuisse
50%
CountryAllemagne
49%
CountryArgentine
49%
CountryBelgique
49%
CountryBrésil
49%
CountryCanada
49%
CountryChine
49%
CountryEspagne
49%
CountryItalie
49%
CountryJapon
49%
CountryRoyaume-Uni
49%
CountryRussie
49%
CountryAllemagne
48%
CountryCorée du Sud
48%
CountryEspagne
48%
CountryEtats-Unis
48%
CountryJapon
48%
CountryMaroc
48%
CountryPologne
48%
CountryPortugal
48%
CountryRussie
48%
CountrySuède
48%
CountrySuisse
48%
CountryAfrique du Sud
47%
CountryChine
47%
CountryCorée du Nord
47%
CountryEspagne
47%
CountryFinlande
47%
CountryIndonésie
47%
CountryItalie
47%
CountryKazakhstan
47%
CountryMaroc
47%
CountryNorvège
47%
CountryPologne
47%
CountryPortugal
47%
CountryRoyaume-Uni
47%
CountryRussie
47%
CountryThaïlande
47%
CountryTurquie
47%
CountryUkraine
47%
CountryViêt Nam
47%
CountryAlgérie
46%
CountryChili
46%
CountryColombie
46%
CountryÉgypte
46%
CountryEspagne
46%
CountryEtats-Unis
46%
CountryItalie
46%
CountryLaos
46%
CountryMaroc
46%
CountryPérou
46%
CountryRépublique démocratique du Congo
46%
CountrySuède
46%
CountryTunisie
46%
CountryUkraine
46%
CountryAllemagne
45%
CountryArabie Saoudite
45%
CountryAutriche
45%
CountryBiélorussie
45%
CountryBolivie
45%
CountryCambodge
45%
CountryChine
45%
CountryCuba
45%
CountryDanemark
45%
CountryEspagne
45%
CountryEtats-Unis
45%
CountryFinlande
45%
CountryGrèce
45%
CountryInde
45%
CountryIrak
45%
CountryIran
45%
CountryIrlande
45%
CountryIslande
45%
CountryItalie
45%
CountryJapon
45%
CountryLibye
45%
CountryLuxembourg
45%
CountryMalaisie
45%
CountryMali
45%
CountryMexique
45%
CountryNiger
45%
CountryNorvège
45%
CountryPakistan
45%
CountryPanama
45%
CountryPays-Bas
45%
CountryRépublique du Congo
45%
CountryRoyaume-Uni
45%
CountryRussie
45%
CountrySénégal
45%
CountrySuède
45%
CountrySuisse
45%
CountryTaïwan
45%
CountryUruguay
45%
CountryVenezuela
45%
CountryAfghanistan
44%
CountryAlbanie
44%
CountryAlgérie
44%
CountryAllemagne
44%
CountryAndorre
44%
CountryAngola
44%
CountryAustralie
44%
CountryAutriche
44%
CountryAzerbaïdjan
44%
CountryBangladesh
44%
CountryBelgique
44%
CountryBelize
44%
CountryBénin
44%
CountryBhoutan
44%
CountryBirmanie
44%
CountryBosnie-Herzégovine
44%
CountryBulgarie
44%
CountryCameroun
44%
CountryChine
44%
CountryChypre
44%
CountryCosta Rica
44%
CountryCôte d'Ivoire
44%
CountryCroatie
44%
CountryDjibouti
44%
CountryÉmirats arabes unis
44%
Country Équateur
44%
CountryEspagne
44%
CountryEstonie
44%
CountryEtats-Unis
44%
CountryÉthiopie
44%
CountryGabon
44%
CountryGhana
44%
CountryGuatemala
44%
CountryGuinée
44%
CountryGuyana
44%
CountryHonduras
44%
CountryHongrie
44%
CountryInde
44%
CountryIsraël
44%
CountryItalie
44%
CountryJamaïque
44%
CountryJapon
44%
CountryJordanie
44%
CountryKenya
44%
CountryKirghizistan
44%
CountryKosovo
44%
CountryLettonie
44%
CountryLiban
44%
CountryLituanie
44%
CountryMadagascar
44%
CountryMalte
44%
CountryMauritanie
44%
CountryMoldavie
44%
CountryMonaco
44%
CountryNépal
44%
CountryNicaragua
44%
CountryNigeria
44%
CountryNorvège
44%
CountryNouvelle-Zélande
44%
CountryOman
44%
CountryOuganda
44%
CountryOuzbékistan
44%
CountryParaguay
44%
CountryPhilippines
44%
CountryQatar
44%
CountryRépublique Centrafricaine
44%
CountryRoumanie
44%
CountryRussie
44%
CountrySalvador
44%
CountrySerbie
44%
CountrySingapour
44%
CountrySlovaquie
44%
CountrySomalie
44%
CountrySoudan
44%
CountrySuriname
44%
CountrySyrie
44%
CountryTadjikistan
44%
CountryTanzanie
44%
CountryTchad
44%
CountryTogo
44%
CountryTurkménistan
44%
CountryUkraine
44%
CountryVatican
44%
CountryYémen
44%
CountryZambie
44%
CountryAllemagne
43%
CountryAndorre
43%
CountryAntigua-et-Barbuda
43%
CountryArménie
43%
CountryAustralie
43%
CountryBahamas
43%
CountryBahreïn
43%
CountryBarbade
43%
CountryBotswana
43%
CountryBrunei
43%
CountryBurkina Faso
43%
CountryBurundi
43%
CountryCap-Vert
43%
CountryComores
43%
CountryDanemark
43%
CountryDominique
43%
CountryÉrythrée
43%
CountryEswatini
43%
CountryEtats-Unis
43%
CountryFidji
43%
CountryFinlande
43%
CountryGambie
43%
CountryGéorgie
43%
CountryGrenade
43%
CountryGuinée-Bissau
43%
CountryGuinée équatoriale
43%
CountryHaïti
43%
CountryÎle Maurice
43%
CountryÎles Marshall
43%
CountryIrlande
43%
CountryIslande
43%
CountryItalie
43%
CountryJapon
43%
CountryKiribati
43%
CountryKoweït
43%
CountryLesotho
43%
CountryLiberia
43%
CountryLiechtenstein
43%
CountryMacédoine du Nord
43%
CountryMalawi
43%
CountryMaldives
43%
CountryMaroc
43%
CountryMicronésie
43%
CountryMongolie
43%
CountryMonténégro
43%
CountryMozambique
43%
CountryNamibie
43%
CountryNauru
43%
CountryPalaos
43%
CountryPapouasie-Nouvelle-Guinée
43%
CountryPays Mystère
43%
CountryPologne
43%
CountryPortugal
43%
CountryRépublique dominicaine
43%
CountryRépublique tchèque
43%
CountryRussie
43%
CountryRwanda
43%
CountrySaint-Christophe- et-Niévès
43%
CountrySainte-Lucie
43%
CountrySaint-Marin
43%
CountrySaint-Vincent-et-les-Grenadines
43%
CountrySalomon
43%
CountrySamoa
43%
CountrySao Tomé-et-Principe
43%
CountrySeychelles
43%
CountrySierra Leone
43%
CountrySlovénie
43%
CountrySoudan du Sud
43%
CountrySri Lanka
43%
CountrySuisse
43%
CountryTimor oriental
43%
CountryTonga
43%
CountryTrinité-et-Tobago
43%
CountryTuvalu
43%
CountryVanuatu
43%
CountryZimbabwe
43%
CountryAlgérie
42%
CountryArgentine
42%
CountryBrésil
42%
CountryChine
42%
CountryDanemark
42%
CountryEtats-Unis
42%
CountryInde
42%
CountryItalie
42%
CountryJapon
42%
CountryLuxembourg
42%
CountryMongolie
42%
CountryPologne
42%
CountryPortugal
42%
CountryRussie
42%
CountrySuisse
42%
CountryAutriche
41%
CountryBelgique
41%
CountryBrésil
41%
CountryCanada
41%
CountryChili
41%
CountryChine
41%
CountryEstonie
41%
CountryEtats-Unis
41%
CountryGrèce
41%
CountryInde
41%
CountryIrlande
41%
CountryJapon
41%
CountryMalte
41%
CountryMongolie
41%
CountryPays-Bas
41%
CountryRoyaume-Uni
41%
CountryRussie
41%
CountryTurquie
41%
CountryAfrique du Sud
40%
CountryBiélorussie
40%
CountryBrésil
40%
CountryCanada
40%
CountryChili
40%
CountryChine
40%
CountryÉgypte
40%
CountryEspagne
40%
CountryEtats-Unis
40%
CountryGrèce
40%
CountryInde
40%
CountryIslande
40%
CountryItalie
40%
CountryLettonie
40%
CountryMaroc
40%
CountryMongolie
40%
CountryPays-Bas
40%
CountryPérou
40%
CountryPortugal
40%
CountryRoyaume-Uni
40%
CountryRussie
40%
CountrySuède
40%
CountrySuisse
40%
CountryTunisie
40%
CountryTurquie
40%
CountryUkraine
40%
CountryVatican
40%
CountryAfrique du Sud
39%
CountryAlbanie
39%
CountryAlgérie
39%
CountryAllemagne
39%
CountryAustralie
39%
CountryBiélorussie
39%
CountryBolivie
39%
CountryBrésil
39%
CountryCanada
39%
CountryChine
39%
CountryColombie
39%
CountryCorée du Sud
39%
CountryCroatie
39%
CountryCuba
39%
CountryDanemark
39%
CountryÉgypte
39%
CountryEtats-Unis
39%
CountryFinlande
39%
CountryHongrie
39%
CountryInde
39%
CountryIslande
39%
CountryKazakhstan
39%
CountryLibye
39%
CountryLituanie
39%
CountryLuxembourg
39%
CountryMali
39%
CountryMonaco
39%
CountryNorvège
39%
Country Nouvelle-Zélande
39%
CountryPanama
39%
CountryPortugal
39%
CountryRépublique démocratique du Congo
39%
CountryRépublique du Congo
39%
CountryRépublique tchèque
39%
CountryRoumanie
39%
CountryRoyaume-Uni
39%
CountrySaint-Marin
39%
CountrySénégal
39%
CountrySlovaquie
39%
CountrySlovénie
39%
CountrySuisse
39%
CountryTunisie
39%
CountryUkraine
39%
CountryUruguay
39%
CountryVenezuela
39%
CountryAfghanistan
38%
CountryAllemagne
38%
CountryAndorre
38%
CountryAngola
38%
CountryArabie Saoudite
38%
CountryBelgique
38%
CountryBolivie
38%
CountryBosnie-Herzégovine
38%
CountryBrésil
38%
CountryBulgarie
38%
CountryChine
38%
CountryChypre
38%
CountryCorée du Nord
38%
CountryCorée du Sud
38%
CountryCosta Rica
38%
CountryCôte d'Ivoire
38%
CountryÉquateur
38%
CountryEspagne
38%
CountryEstonie
38%
CountryEtats-Unis
38%
CountryFidji
38%
CountryGhana
38%
CountryGuatemala
38%
CountryGuyana
38%
CountryHonduras
38%
CountryHongrie
38%
CountryIndonésie
38%
CountryIrak
38%
CountryIran
38%
CountryItalie
38%
CountryJamaïque
38%
CountryKenya
38%
CountryKosovo
38%
CountryLettonie
38%
CountryLiban
38%
CountryLibye
38%
CountryLiechtenstein
38%
CountryLituanie
38%
CountryMadagascar
38%
CountryMali
38%
CountryMalte
38%
CountryMongolie
38%
CountryMonténégro
38%
CountryNiger
38%
CountryNouvelle-Zélande
38%
CountryParaguay
38%
CountryPays-Bas
38%
CountryPologne
38%
CountryRoyaume-Uni
38%
CountryRussie
38%
CountrySénégal
38%
CountrySerbie
38%
CountrySlovénie
38%
CountrySomalie
38%
CountrySoudan
38%
CountrySuisse
38%
CountrySuriname
38%
CountryTaïwan
38%
CountryThaïlande
38%
CountryTogo
38%
CountryUkraine
38%
CountryUruguay
38%
CountryVatican
38%
CountryVenezuela
38%
CountryViêt Nam
38%
CountryAfghanistan
37%
CountryAfrique du Sud
37%
CountryAndorre
37%
CountryAntigua-et-Barbuda
37%
CountryArabie Saoudite
37%
CountryArménie
37%
CountryAzerbaïdjan
37%
CountryBahamas
37%
CountryBahreïn
37%
CountryBangladesh
37%
CountryBarbade
37%
CountryBelize
37%
CountryBénin
37%
CountryBhoutan
37%
CountryBiélorussie
37%
CountryBirmanie
37%
CountryBosnie-Herzégovine
37%
CountryBotswana
37%
CountryBrésil
37%
CountryBrunei
37%
CountryBurkina Faso
37%
CountryBurundi
37%
CountryCambodge
37%
CountryCameroun
37%
CountryCanada
37%
CountryCap-Vert
37%
CountryComores
37%
CountryCosta Rica
37%
CountryCôte d'Ivoire
37%
CountryDjibouti
37%
CountryDominique
37%
CountryÉmirats arabes unis
37%
CountryÉrythrée
37%
CountryEspagne
37%
CountryEswatini
37%
CountryEtats-Unis
37%
CountryÉthiopie
37%
CountryFidji
37%
CountryGabon
37%
CountryGambie
37%
CountryGéorgie
37%
CountryGhana
37%
CountryGrenade
37%
CountryGuinée
37%
CountryGuinée-Bissau
37%
CountryGuinée équatoriale
37%
CountryHaïti
37%
CountryHonduras
37%
CountryÎle Maurice
37%
CountryÎles Marshall
37%
CountryIrak
37%
CountryIsraël
37%
CountryItalie
37%
CountryJamaïque
37%
CountryJordanie
37%
CountryKazakhstan
37%
CountryKenya
37%
CountryKirghizistan
37%
CountryKiribati
37%
CountryKoweït
37%
CountryLaos
37%
CountryLesotho
37%
CountryLiban
37%
CountryLiberia
37%
CountryLituanie
37%
CountryMacédoine du Nord
37%
CountryMalaisie
37%
CountryMalawi
37%
CountryMaldives
37%
CountryMaroc
37%
CountryMauritanie
37%
CountryMexique
37%
CountryMicronésie
37%
CountryMoldavie
37%
CountryMonténégro
37%
CountryMozambique
37%
CountryNamibie
37%
CountryNauru
37%
CountryNépal
37%
CountryNicaragua
37%
CountryNigeria
37%
CountryOman
37%
CountryOuganda
37%
CountryOuzbékistan
37%
CountryPakistan
37%
CountryPalaos
37%
CountryPapouasie-Nouvelle-Guinée
37%
CountryPays Mystère
37%
CountryPhilippines
37%
CountryPortugal
37%
CountryQatar
37%
CountryRépublique Centrafricaine
37%
CountryRépublique dominicaine
37%
CountryRépublique tchèque
37%
CountryRoyaume-Uni
37%
CountryRussie
37%
CountryRwanda
37%
CountrySaint-Christophe- et-Niévès
37%
CountrySainte-Lucie
37%
CountrySaint-Marin
37%
CountrySaint-Vincent-et-les-Grenadines
37%
CountrySalomon
37%
CountrySalvador
37%
CountrySamoa
37%
CountrySao Tomé-et-Principe
37%
CountrySeychelles
37%
CountrySierra Leone
37%
CountrySingapour
37%
CountrySlovaquie
37%
CountrySomalie
37%
CountrySoudan
37%
CountrySoudan du Sud
37%
CountrySri Lanka
37%
CountrySuède
37%
CountrySuisse
37%
CountrySyrie
37%
CountryTadjikistan
37%
CountryTaïwan
37%
CountryTanzanie
37%
CountryTchad
37%
CountryTimor oriental
37%
CountryTogo
37%
Country | Country Tonga
37%
CountryTrinité-et-Tobago
37%
CountryTunisie
37%
CountryTurkménistan
37%
CountryTuvalu
37%
CountryUkraine
37%
CountryVanuatu
37%
CountryYémen
37%
CountryZambie
37%
CountryZimbabwe
37%
CountryAlgérie
36%
CountryAllemagne
36%
CountryArgentine
36%
CountryAutriche
36%
CountryChine
36%
CountryÉgypte
36%
CountryEspagne
36%
CountryEtats-Unis
36%
CountryLuxembourg
36%
CountryMaroc
36%
CountryMexique
36%
CountryPays-Bas
36%
CountryPologne
36%
CountryRépublique démocratique du Congo
36%
CountryRussie
36%
CountrySuisse
36%
CountryTurquie
36%
CountryAlbanie
35%
CountryAlgérie
35%
CountryAllemagne
35%
CountryArgentine
35%
CountryAustralie
35%
CountryAutriche
35%
CountryBelgique
35%
CountryBrésil
35%
CountryCanada
35%
CountryChili
35%
CountryChine
35%
CountryCorée du Nord
35%
CountryCorée du Sud
35%
CountryEspagne
35%
CountryEtats-Unis
35%
CountryFinlande
35%
CountryGrèce
35%
CountryItalie
35%
CountryMali
35%
CountryMalte
35%
CountryMexique
35%
CountryMonaco
35%
CountryNorvège
35%
CountryPologne
35%
CountryPortugal
35%
CountryRépublique du Congo
35%
CountryRoumanie
35%
CountryRoyaume-Uni
35%
CountrySénégal
35%
CountrySuisse
35%
CountryAfghanistan
34%
CountryAlgérie
34%
CountryAllemagne
34%
CountryAngola
34%
CountryArgentine
34%
CountryArménie
34%
CountryAustralie
34%
CountryBelgique
34%
CountryBolivie
34%
CountryBotswana
34%
CountryBrésil
34%
CountryBulgarie
34%
CountryCanada
34%
CountryCap-Vert
34%
Country Chili
34%
CountryChine
34%
CountryChypre
34%
CountryColombie
34%
CountryCroatie
34%
CountryCuba
34%
CountryDanemark
34%
CountryÉquateur
34%
CountryEspagne
34%
CountryEtats-Unis
34%
CountryGéorgie
34%
CountryGhana
34%
CountryGuyana
34%
CountryHonduras
34%
CountryHongrie
34%
CountryInde
34%
CountryIndonésie
34%
CountryIrak
34%
CountryIran
34%
CountryItalie
34%
CountryJapon
34%
CountryKenya
34%
CountryKosovo
34%
CountryLaos
34%
Country Lesotho
34%
CountryLiban
34%
CountryLibye
34%
CountryLuxembourg
34%
CountryMadagascar
34%
CountryMalaisie
34%
CountryMaroc
34%
CountryMauritanie
34%
CountryMexique
34%
CountryMoldavie
34%
CountryMongolie
34%
CountryMozambique
34%
CountryNamibie
34%
CountryNépal
34%
CountryNiger
34%
CountryNouvelle-Zélande
34%
CountryOuzbékistan
34%
CountryPakistan
34%
CountryPanama
34%
CountryParaguay
34%
CountryPérou
34%
CountryPologne
34%
CountryRoyaume-Uni
34%
CountryRussie
34%
CountrySerbie
34%
CountrySoudan
34%
CountrySuède
34%
CountrySuisse
34%
CountrySuriname
34%
CountryTchad
34%
CountryThaïlande
34%
CountryTogo
34%
CountryTurquie
34%
CountryUkraine
34%
CountryUruguay
34%
CountryVatican
34%
CountryVenezuela
34%
CountryViêt Nam
34%
CountryAlgérie
33%
CountryAntigua-et-Barbuda
33%
CountryArabie Saoudite
33%
CountryAzerbaïdjan
33%
CountryBahamas
33%
CountryBahreïn
33%
CountryBangladesh
33%
CountryBarbade
33%
CountryBelgique
33%
CountryBelize
33%
CountryBénin
33%
CountryBhoutan
33%
CountryBirmanie
33%
CountryBosnie-Herzégovine
33%
CountryBrésil
33%
CountryBrunei
33%
CountryBurkina Faso
33%
CountryBurundi
33%
CountryCambodge
33%
CountryCameroun
33%
CountryCanada
33%
CountryChine
33%
CountryComores
33%
CountryCorée du Sud
33%
CountryCosta Rica
33%
CountryCôte d'Ivoire
33%
CountryDjibouti
33%
CountryDominique
33%
CountryÉmirats arabes unis
33%
CountryÉrythrée
33%
CountryEswatini
33%
CountryEtats-Unis
33%
CountryÉthiopie
33%
CountryFidji
33%
CountryGabon
33%
CountryGambie
33%
CountryGrenade
33%
CountryGuatemala
33%
CountryGuinée
33%
CountryGuinée-Bissau
33%
CountryGuinée équatoriale
33%
CountryHaïti
33%
CountryÎle Maurice
33%
CountryÎles Marshall
33%
CountryInde
33%
CountryIsraël
33%
CountryJamaïque
33%
CountryJapon
33%
CountryJordanie
33%
CountryKirghizistan
33%
CountryKiribati
33%
CountryKoweït
33%
CountryLiberia
33%
CountryLiechtenstein
33%
CountryMacédoine du Nord
33%
CountryMalawi
33%
CountryMaldives
33%
CountryMicronésie
33%
CountryMonténégro
33%
CountryNauru
33%
CountryNicaragua
33%
CountryNigeria
33%
CountryNorvège
33%
CountryOman
33%
CountryOuganda
33%
CountryPalaos
33%
CountryPapouasie-Nouvelle-Guinée
33%
CountryPays Mystère
33%
CountryPhilippines
33%
CountryPortugal
33%
CountryQatar
33%
CountryRépublique Centrafricaine
33%
CountryRépublique dominicaine
33%
CountryRépublique tchèque
33%
CountryRwanda
33%
CountrySaint-Christophe- et-Niévès
33%
CountrySainte-Lucie
33%
CountrySaint-Marin
33%
CountrySaint-Vincent-et-les-Grenadines
33%
CountrySalomon
33%
CountrySalvador
33%
CountrySamoa
33%
CountrySao Tomé-et-Principe
33%
CountrySeychelles
33%
CountrySierra Leone
33%
CountrySingapour
33%
CountrySlovaquie
33%
CountrySlovénie
33%
CountrySomalie
33%
CountrySoudan du Sud
33%
CountrySri Lanka
33%
CountrySuède
33%
CountrySyrie
33%
CountryTadjikistan
33%
CountryTaïwan
33%
CountryTanzanie
33%
CountryTimor oriental
33%
CountryTonga
33%
CountryTrinité-et-Tobago
33%
CountryTurkménistan
33%
CountryTuvalu
33%
CountryVanuatu
33%
CountryYémen
33%
CountryZambie
33%
CountryZimbabwe
33%
CountryAfrique du Sud
32%
CountryAllemagne
32%
CountryBelgique
32%
CountryBiélorussie
32%
CountryBrésil
32%
CountryCanada
32%
CountryChine
32%
CountryColombie
32%
CountryÉgypte
32%
CountryEspagne
32%
CountryEstonie
32%
CountryEtats-Unis
32%
CountryFinlande
32%
CountryInde
32%
CountryIrlande
32%
CountryItalie
32%
CountryMaroc
32%
CountryMexique
32%
CountryMongolie
32%
CountryNorvège
32%
CountryPays-Bas
32%
CountryPérou
32%
CountryPologne
32%
CountryPortugal
32%
CountryRoyaume-Uni
32%
CountryRussie
32%
CountrySuisse
32%
CountryTunisie
32%
CountryUkraine
32%
CountryAfghanistan
31%
CountryAfrique du Sud
31%
CountryAlgérie
31%
CountryAllemagne
31%
CountryArgentine
31%
CountryAutriche
31%
CountryBiélorussie
31%
CountryBolivie
31%
CountryBrésil
31%
CountryCanada
31%
CountryChili
31%
CountryChine
31%
CountryCorée du Nord
31%
CountryCorée du Sud
31%
CountryDanemark
31%
CountryEspagne
31%
CountryEstonie
31%
CountryEtats-Unis
31%
CountryGrèce
31%
CountryInde
31%
CountryIndonésie
31%
CountryIrak
31%
CountryIran
31%
CountryIslande
31%
CountryItalie
31%
CountryJapon
31%
CountryLuxembourg
31%
CountryMaroc
31%
CountryMexique
31%
CountryMongolie
31%
CountryNépal
31%
CountryOuzbékistan
31%
CountryPays-Bas
31%
CountryPortugal
31%
CountryRépublique démocratique du Congo
31%
CountryRépublique du Congo
31%
CountryRoumanie
31%
CountrySuisse
31%
CountryTunisie
31%
CountryTurquie
31%
CountryViêt Nam
31%
CountryAlbanie
30%
CountryAlgérie
30%
CountryArabie Saoudite
30%
CountryArgentine
30%
CountryAustralie
30%
CountryAzerbaïdjan
30%
CountryBelgique
30%
CountryBrésil
30%
CountryBulgarie
30%
CountryCanada
30%
CountryChine
30%
CountryCorée du Nord
30%
CountryCorée du Sud
30%
CountryCroatie
30%
CountryCuba
30%
CountryDanemark
30%
CountryÉgypte
30%
CountryÉquateur
30%
CountryEstonie
30%
CountryEtats-Unis
30%
CountryGéorgie
30%
CountryGrèce
30%
CountryHongrie
30%
CountryInde
30%
CountryIndonésie
30%
CountryItalie
30%
CountryJapon
30%
CountryKazakhstan
30%
CountryLettonie
30%
CountryLituanie
30%
CountryLuxembourg
30%
CountryMali
30%
CountryMaroc
30%
CountryMexique
30%
CountryMoldavie
30%
CountryMonaco
30%
CountryMongolie
30%
CountryNépal
30%
CountryPanama
30%
CountryParaguay
30%
CountryPérou
30%
CountryPologne
30%
CountryPortugal
30%
CountryRépublique tchèque
30%
CountryRoumanie
30%
CountryRoyaume-Uni
30%
CountrySénégal
30%
CountryThaïlande
30%
CountryTunisie
30%
CountryTurkménistan
30%
CountryUruguay
30%
CountryVenezuela
30%
CountryViêt Nam
30%
CountryAlbanie
29%
CountryAlgérie
29%
CountryAllemagne
29%
CountryAndorre
29%
CountryAngola
29%
CountryArgentine
29%
CountryArménie
29%
CountryAustralie
29%
CountryAutriche
29%
CountryBahreïn
29%
CountryBangladesh
29%
CountryBelgique
29%
CountryBénin
29%
CountryBhoutan
29%
CountryBirmanie
29%
CountryBosnie-Herzégovine
29%
CountryBotswana
29%
CountryBrésil
29%
CountryCambodge
29%
CountryCameroun
29%
CountryCanada
29%
CountryChine
29%
CountryChypre
29%
CountryColombie
29%
CountryComores
29%
CountryCorée du Nord
29%
CountryCosta Rica
29%
CountryCôte d'Ivoire
29%
CountryCroatie
29%
CountryCuba
29%
CountryÉmirats arabes unis
29%
CountryEspagne
29%
CountryÉthiopie
29%
CountryFidji
29%
CountryFinlande
29%
CountryGabon
29%
CountryGhana
29%
CountryGuatemala
29%
CountryGuinée
29%
CountryGuyana
29%
CountryHaïti
29%
CountryHonduras
29%
CountryIsraël
29%
CountryItalie
29%
CountryJamaïque
29%
CountryJapon
29%
CountryJordanie
29%
CountryKazakhstan
29%
CountryKenya
29%
CountryKirghizistan
29%
CountryKiribati
29%
CountryKosovo
29%
CountryKoweït
29%
CountryLaos
29%
CountryLiban
29%
CountryLibye
29%
CountryMacédoine du Nord
29%
CountryMadagascar
29%
CountryMalaisie
29%
CountryMalte
29%
CountryMaroc
29%
CountryMauritanie
29%
CountryMexique
29%
CountryMonaco
29%
CountryMongolie
29%
CountryMonténégro
29%
CountryNamibie
29%
CountryNicaragua
29%
CountryNiger
29%
Country | Country Nouvelle-Zélande
29%
CountryOman
29%
CountryOuganda
29%
CountryPhilippines
29%
CountryQatar
29%
CountryRépublique démocratique du Congo
29%
CountryRépublique du Congo
29%
CountryRépublique tchèque
29%
CountryRoyaume-Uni
29%
CountrySerbie
29%
CountrySingapour
29%
CountrySlovaquie
29%
CountrySlovénie
29%
CountrySomalie
29%
CountrySoudan
29%
CountrySuède
29%
CountrySuisse
29%
CountrySuriname
29%
CountrySyrie
29%
CountryTadjikistan
29%
CountryTaïwan
29%
CountryTchad
29%
CountryTogo
29%
CountryTunisie
29%
CountryUruguay
29%
CountryVatican
29%
CountryYémen
29%
CountryAfrique du Sud
28%
CountryAlgérie
28%
CountryAllemagne
28%
CountryAndorre
28%
CountryAngola
28%
CountryAntigua-et-Barbuda
28%
CountryArgentine
28%
CountryAustralie
28%
CountryAutriche
28%
CountryBahamas
28%
CountryBarbade
28%
CountryBelgique
28%
CountryBelize
28%
CountryBolivie
28%
CountryBosnie-Herzégovine
28%
CountryBrunei
28%
CountryBulgarie
28%
CountryBurkina Faso
28%
CountryBurundi
28%
CountryCanada
28%
CountryCap-Vert
28%
CountryCorée du Nord
28%
CountryCorée du Sud
28%
CountryDanemark
28%
CountryDjibouti
28%
CountryDominique
28%
CountryÉquateur
28%
CountryÉrythrée
28%
CountryEspagne
28%
CountryEswatini
28%
CountryFinlande
28%
CountryGambie
28%
CountryGrenade
28%
CountryGuinée-Bissau
28%
CountryGuinée équatoriale
28%
CountryGuyana
28%
CountryHonduras
28%
CountryÎle Maurice
28%
CountryÎles Marshall
28%
CountryIndonésie
28%
CountryIrak
28%
CountryIran
28%
CountryIslande
28%
CountryItalie
28%
CountryJamaïque
28%
CountryJapon
28%
CountryKazakhstan
28%
CountryKosovo
28%
CountryLaos
28%
CountryLesotho
28%
CountryLettonie
28%
CountryLiban
28%
CountryLiberia
28%
CountryLibye
28%
CountryLiechtenstein
28%
CountryMadagascar
28%
CountryMalaisie
28%
CountryMalawi
28%
CountryMaldives
28%
CountryMali
28%
CountryMaroc
28%
CountryMexique
28%
CountryMicronésie
28%
CountryMoldavie
28%
CountryMongolie
28%
CountryMozambique
28%
CountryNauru
28%
CountryNépal
28%
CountryNiger
28%
CountryNigeria
28%
CountryNorvège
28%
CountryPakistan
28%
CountryPalaos
28%
CountryPanama
28%
CountryPapouasie-Nouvelle-Guinée
28%
CountryParaguay
28%
CountryPays-Bas
28%
CountryPays Mystère
28%
CountryPologne
28%
CountryPortugal
28%
CountryRépublique Centrafricaine
28%
CountryRépublique dominicaine
28%
CountryRoyaume-Uni
28%
CountryRwanda
28%
CountrySaint-Christophe- et-Niévès
28%
CountrySainte-Lucie
28%
CountrySaint-Marin
28%
CountrySaint-Vincent-et-les-Grenadines
28%
CountrySalomon
28%
CountrySalvador
28%
CountrySamoa
28%
CountrySao Tomé-et-Principe
28%
CountrySénégal
28%
CountrySeychelles
28%
CountrySierra Leone
28%
CountrySlovaquie
28%
CountrySlovénie
28%
CountrySoudan du Sud
28%
CountrySri Lanka
28%
CountrySuède
28%
CountryTanzanie
28%
CountryThaïlande
28%
CountryTimor oriental
28%
CountryTonga
28%
CountryTrinité-et-Tobago
28%
CountryTunisie
28%
CountryTurquie
28%
CountryTuvalu
28%
CountryVanuatu
28%
CountryVenezuela
28%
CountryViêt Nam
28%
CountryZambie
28%
CountryZimbabwe
28%
CountryAfghanistan
27%
CountryAfrique du Sud
27%
CountryAlgérie
27%
CountryAllemagne
27%
CountryAntigua-et-Barbuda
27%
CountryArabie Saoudite
27%
CountryArgentine
27%
CountryArménie
27%
CountryAustralie
27%
CountryAutriche
27%
CountryAzerbaïdjan
27%
CountryBahamas
27%
CountryBahreïn
27%
CountryBangladesh
27%
CountryBarbade
27%
CountryBelize
27%
CountryBénin
27%
CountryBhoutan
27%
CountryBirmanie
27%
CountryBotswana
27%
CountryBrésil
27%
CountryBrunei
27%
CountryBurkina Faso
27%
CountryBurundi
27%
CountryCambodge
27%
CountryCameroun
27%
CountryCanada
27%
CountryCap-Vert
27%
CountryChine
27%
CountryChypre
27%
CountryColombie
27%
CountryComores
27%
CountryCorée du Sud
27%
CountryCosta Rica
27%
CountryCôte d'Ivoire
27%
CountryDjibouti
27%
CountryDominique
27%
CountryÉgypte
27%
CountryÉmirats arabes unis
27%
CountryÉrythrée
27%
CountryEspagne
27%
CountryEstonie
27%
CountryEswatini
27%
CountryÉthiopie
27%
CountryFidji
27%
CountryGabon
27%
CountryGambie
27%
CountryGéorgie
27%
CountryGhana
27%
CountryGrèce
27%
CountryGrenade
27%
CountryGuatemala
27%
CountryGuinée
27%
CountryGuinée-Bissau
27%
CountryGuinée équatoriale
27%
CountryHaïti
27%
CountryÎle Maurice
27%
CountryÎles Marshall
27%
CountryIndonésie
27%
CountryIsraël
27%
CountryItalie
27%
CountryJapon
27%
CountryJordanie
27%
CountryKazakhstan
27%
CountryKenya
27%
CountryKirghizistan
27%
CountryKiribati
27%
CountryKoweït
27%
CountryLaos
27%
CountryLesotho
27%
CountryLiberia
27%
CountryLiechtenstein
27%
CountryLituanie
27%
CountryLuxembourg
27%
CountryMacédoine du Nord
27%
CountryMalawi
27%
CountryMaldives
27%
CountryMalte
27%
CountryMaroc
27%
CountryMauritanie
27%
CountryMexique
27%
CountryMicronésie
27%
CountryMonaco
27%
CountryMongolie
27%
CountryMonténégro
27%
CountryMozambique
27%
CountryNamibie
27%
CountryNauru
27%
CountryNépal
27%
CountryNicaragua
27%
CountryNigeria
27%
CountryNorvège
27%
CountryOman
27%
CountryOuganda
27%
CountryOuzbékistan
27%
CountryPalaos
27%
CountryPapouasie-Nouvelle-Guinée
27%
CountryPays Mystère
27%
CountryPhilippines
27%
CountryPortugal
27%
CountryQatar
27%
CountryRépublique Centrafricaine
27%
CountryRépublique démocratique du Congo
27%
CountryRépublique dominicaine
27%
CountryRoyaume-Uni
27%
CountryRussie
27%
CountryRwanda
27%
CountrySaint-Christophe- et-Niévès
27%
CountrySainte-Lucie
27%
CountrySaint-Marin
27%
CountrySaint-Vincent-et-les-Grenadines
27%
CountrySalomon
27%
CountrySalvador
27%
CountrySamoa
27%
CountrySao Tomé-et-Principe
27%
CountrySeychelles
27%
CountrySierra Leone
27%
CountrySingapour
27%
CountrySomalie
27%
CountrySoudan
27%
CountrySoudan du Sud
27%
CountrySri Lanka
27%
CountrySuisse
27%
CountrySuriname
27%
CountrySyrie
27%
CountryTadjikistan
27%
CountryTaïwan
27%
CountryTanzanie
27%
CountryTchad
27%
CountryTimor oriental
27%
CountryTogo
27%
CountryTonga
27%
CountryTrinité-et-Tobago
27%
CountryTurkménistan
27%
CountryTurquie
27%
CountryTuvalu
27%
CountryUkraine
27%
CountryVanuatu
27%
CountryVatican
27%
CountryYémen
27%
CountryZambie
27%
CountryZimbabwe
27%
CountryAfrique du Sud
26%
CountryAllemagne
26%
CountryAustralie
26%
CountryBangladesh
26%
CountryBelgique
26%
CountryBhoutan
26%
CountryBrésil
26%
CountryCambodge
26%
CountryCanada
26%
CountryChili
26%
CountryDanemark
26%
CountryÉgypte
26%
CountryEspagne
26%
CountryInde
26%
CountryIran
26%
CountryIrlande
26%
CountryItalie
26%
CountryJapon
26%
CountryLuxembourg
26%
CountryMalaisie
26%
CountryMaroc
26%
CountryMongolie
26%
CountryPakistan
26%
CountryPays-Bas
26%
CountryPérou
26%
CountryPhilippines
26%
CountryPologne
26%
CountryRépublique démocratique du Congo
26%
CountryRépublique du Congo
26%
CountryRoumanie
26%
CountrySuède
26%
CountrySuisse
26%
CountryTaïwan
26%
CountryThaïlande
26%
CountryTunisie
26%
CountryTurquie
26%
CountryUkraine
26%
CountryAfghanistan
25%
CountryAfrique du Sud
25%
CountryAlbanie
25%
CountryAlgérie
25%
CountryAllemagne
25%
CountryArgentine
25%
CountryAustralie
25%
CountryAutriche
25%
CountryBelgique
25%
CountryBrésil
25%
CountryCanada
25%
CountryChili
25%
CountryChine
25%
CountryCroatie
25%
CountryCuba
25%
CountryDanemark
25%
CountryÉgypte
25%
CountryEspagne
25%
CountryFinlande
25%
CountryHongrie
25%
CountryInde
25%
CountryIndonésie
25%
CountryIrak
25%
CountryIrlande
25%
CountryIslande
25%
CountryJapon
25%
CountryLibye
25%
CountryLuxembourg
25%
CountryMali
25%
CountryMaroc
25%
CountryMexique
25%
CountryNépal
25%
CountryNorvège
25%
CountryPakistan
25%
CountryPays-Bas
25%
CountryPérou
25%
CountryRépublique démocratique du Congo
25%
CountryRépublique du Congo
25%
CountryRépublique tchèque
25%
CountryRoyaume-Uni
25%
CountrySri Lanka
25%
CountrySuisse
25%
CountryThaïlande
25%
CountryTurquie
25%
CountryUkraine
25%
CountryUruguay
25%
CountryAfrique du Sud
24%
CountryAlbanie
24%
CountryAlgérie
24%
CountryAllemagne
24%
CountryAndorre
24%
CountryArabie Saoudite
24%
CountryAustralie
24%
CountryAutriche
24%
CountryBiélorussie
24%
CountryBirmanie
24%
CountryBolivie
24%
CountryBrésil
24%
CountryBulgarie
24%
CountryCanada
24%
CountryChine
24%
CountryColombie
24%
CountryCorée du Sud
24%
CountryCuba
24%
CountryDanemark
24%
CountryÉgypte
24%
CountryEspagne
24%
CountryFinlande
24%
CountryGéorgie
24%
CountryGrèce
24%
CountryGuyana
24%
CountryHongrie
24%
CountryInde
24%
CountryIrak
24%
CountryIrlande
24%
CountryIslande
24%
CountryItalie
24%
CountryJapon
24%
CountryKazakhstan
24%
CountryLaos
24%
CountryLettonie
24%
CountryLibye
24%
CountryLituanie
24%
CountryLuxembourg
24%
CountryMali
24%
CountryMaroc
24%
CountryMexique
24%
CountryMoldavie
24%
CountryMonaco
24%
CountryMongolie
24%
CountryNépal
24%
Country | Country Nouvelle-Zélande
24%
CountryPakistan
24%
CountryParaguay
24%
CountryPays-Bas
24%
Country | Country Pérou
24%
CountryPologne
24%
CountryPortugal
24%
CountryRépublique du Congo
24%
CountryRoyaume-Uni
24%
CountrySénégal
24%
CountrySerbie
24%
CountrySingapour
24%
CountrySlovaquie
24%
CountrySlovénie
24%
CountrySoudan
24%
CountrySuisse
24%
CountrySuriname
24%
CountryTaïwan
24%
CountryTunisie
24%
CountryTurquie
24%
CountryVenezuela
24%
CountryViêt Nam
24%
CountryAfghanistan
23%
CountryAfrique du Sud
23%
CountryAllemagne
23%
CountryAndorre
23%
CountryAngola
23%
CountryArabie Saoudite
23%
CountryArménie
23%
CountryAzerbaïdjan
23%
CountryBahamas
23%
CountryBangladesh
23%
CountryBelgique
23%
CountryBelize
23%
CountryBénin
23%
CountryBhoutan
23%
CountryBiélorussie
23%
CountryBolivie
23%
CountryBosnie-Herzégovine
23%
CountryBrésil
23%
CountryBrunei
23%
CountryBulgarie
23%
CountryCameroun
23%
CountryCanada
23%
CountryChili
23%
CountryChine
23%
CountryChypre
23%
CountryColombie
23%
CountryComores
23%
CountryCorée du Nord
23%
CountryCorée du Sud
23%
CountryCosta Rica
23%
CountryCôte d'Ivoire
23%
CountryCroatie
23%
CountryCuba
23%
CountryDjibouti
23%
CountryÉgypte
23%
CountryÉmirats arabes unis
23%
CountryÉquateur
23%
CountryEstonie
23%
CountryÉthiopie
23%
CountryFidji
23%
CountryFinlande
23%
CountryGabon
23%
CountryGéorgie
23%
CountryGhana
23%
CountryGrèce
23%
CountryGuatemala
23%
CountryGuinée
23%
CountryGuyana
23%
CountryHaïti
23%
CountryHongrie
23%
CountryInde
23%
CountryIndonésie
23%
CountryIrak
23%
CountryIran
23%
CountryIsraël
23%
CountryItalie
23%
CountryJamaïque
23%
CountryJapon
23%
CountryJordanie
23%
CountryKazakhstan
23%
CountryKenya
23%
CountryKirghizistan
23%
CountryKiribati
23%
CountryKosovo
23%
CountryKoweït
23%
CountryLaos
23%
CountryLettonie
23%
CountryLiban
23%
CountryLituanie
23%
CountryLuxembourg
23%
CountryMacédoine du Nord
23%
CountryMadagascar
23%
CountryMalaisie
23%
CountryMaldives
23%
CountryMali
23%
CountryMalte
23%
CountryMauritanie
23%
CountryMexique
23%
CountryMoldavie
23%
CountryMonaco
23%
CountryMongolie
23%
CountryMonténégro
23%
CountryNicaragua
23%
CountryNiger
23%
CountryNorvège
23%
CountryOman
23%
CountryOuganda
23%
CountryOuzbékistan
23%
CountryPakistan
23%
CountryPanama
23%
CountryPapouasie-Nouvelle-Guinée
23%
CountryParaguay
23%
CountryPays-Bas
23%
CountryPortugal
23%
CountryQatar
23%
CountryRépublique démocratique du Congo
23%
CountryRépublique du Congo
23%
CountryRépublique tchèque
23%
CountryRoumanie
23%
CountryRoyaume-Uni
23%
CountrySlovaquie
23%
CountrySlovénie
23%
CountrySomalie
23%
CountrySoudan
23%
CountrySuède
23%
CountrySuisse
23%
CountrySuriname
23%
CountrySyrie
23%
CountryTadjikistan
23%
CountryTanzanie
23%
CountryTchad
23%
CountryThaïlande
23%
CountryTogo
23%
CountryTunisie
23%
CountryTurkménistan
23%
CountryTurquie
23%
CountryUkraine
23%
CountryUruguay
23%
CountryVenezuela
23%
CountryViêt Nam
23%
CountryYémen
23%
CountryZambie
23%
CountryAfghanistan
22%
CountryAlgérie
22%
CountryAllemagne
22%
CountryAndorre
22%
CountryAngola
22%
CountryAntigua-et-Barbuda
22%
CountryArgentine
22%
CountryAustralie
22%
CountryBahamas
22%
CountryBahreïn
22%
CountryBangladesh
22%
CountryBarbade
22%
CountryBelgique
22%
CountryBelize
22%
CountryBénin
22%
CountryBhoutan
22%
CountryBirmanie
22%
CountryBolivie
22%
CountryBosnie-Herzégovine
22%
CountryBotswana
22%
CountryBrunei
22%
CountryBurkina Faso
22%
CountryBurundi
22%
CountryCambodge
22%
CountryCanada
22%
CountryCap-Vert
22%
CountryChili
22%
CountryChine
22%
CountryChypre
22%
CountryColombie
22%
CountryComores
22%
CountryCorée du Nord
22%
CountryCorée du Sud
22%
CountryCosta Rica
22%
CountryCôte d'Ivoire
22%
CountryCroatie
22%
CountryCuba
22%
CountryDanemark
22%
CountryDjibouti
22%
CountryDominique
22%
CountryÉgypte
22%
CountryÉquateur
22%
CountryÉrythrée
22%
CountryEspagne
22%
CountryEswatini
22%
CountryÉthiopie
22%
CountryFinlande
22%
CountryGambie
22%
CountryGhana
22%
CountryGrèce
22%
CountryGrenade
22%
CountryGuatemala
22%
CountryGuinée
22%
CountryGuinée-Bissau
22%
CountryGuinée équatoriale
22%
CountryHaïti
22%
CountryHonduras
22%
CountryÎle Maurice
22%
CountryÎles Marshall
22%
CountryInde
22%
CountryIndonésie
22%
CountryIrlande
22%
CountryIslande
22%
CountryItalie
22%
CountryJamaïque
22%
CountryJapon
22%
CountryJordanie
22%
CountryKenya
22%
CountryKirghizistan
22%
CountryKiribati
22%
CountryKoweït
22%
CountryLaos
22%
CountryLesotho
22%
CountryLettonie
22%
CountryLiban
22%
CountryLiberia
22%
CountryLibye
22%
CountryLiechtenstein
22%
CountryLituanie
22%
CountryMacédoine du Nord
22%
CountryMadagascar
22%
CountryMalawi
22%
CountryMaldives
22%
CountryMali
22%
CountryMalte
22%
CountryMaroc
22%
CountryMexique
22%
CountryMicronésie
22%
CountryMonaco
22%
CountryMongolie
22%
CountryMonténégro
22%
CountryMozambique
22%
CountryNamibie
22%
CountryNauru
22%
CountryNépal
22%
CountryNicaragua
22%
CountryNigeria
22%
CountryNorvège
22%
Country | Country Nouvelle-Zélande
22%
CountryOman
22%
CountryOuganda
22%
CountryOuzbékistan
22%
CountryPakistan
22%
CountryPalaos
22%
CountryPanama
22%
CountryPapouasie-Nouvelle-Guinée
22%
CountryParaguay
22%
CountryPays-Bas
22%
CountryPays Mystère
22%
CountryPérou
22%
CountryPhilippines
22%
CountryPologne
22%
CountryPortugal
22%
CountryQatar
22%
CountryRépublique Centrafricaine
22%
CountryRépublique démocratique du Congo
22%
CountryRépublique dominicaine
22%
CountryRépublique du Congo
22%
CountryRépublique tchèque
22%
CountryRoumanie
22%
CountryRwanda
22%
CountrySaint-Christophe- et-Niévès
22%
CountrySainte-Lucie
22%
CountrySaint-Marin
22%
CountrySaint-Vincent-et-les-Grenadines
22%
CountrySalomon
22%
CountrySalvador
22%
CountrySamoa
22%
CountrySao Tomé-et-Principe
22%
CountrySénégal
22%
CountrySerbie
22%
CountrySeychelles
22%
CountrySierra Leone
22%
CountrySingapour
22%
CountrySlovaquie
22%
CountrySomalie
22%
CountrySoudan
22%
CountrySoudan du Sud
22%
CountrySri Lanka
22%
CountrySuède
22%
CountryTadjikistan
22%
CountryTaïwan
22%
CountryTanzanie
22%
CountryTchad
22%
CountryThaïlande
22%
CountryTimor oriental
22%
CountryTogo
22%
CountryTonga
22%
CountryTrinité-et-Tobago
22%
CountryTunisie
22%
CountryTurkménistan
22%
CountryTurquie
22%
CountryTuvalu
22%
CountryUkraine
22%
CountryVanuatu
22%
CountryVatican
22%
CountryYémen
22%
CountryZimbabwe
22%
CountryAfrique du Sud
21%
CountryAlbanie
21%
CountryAlgérie
21%
CountryAllemagne
21%
CountryAndorre
21%
CountryAntigua-et-Barbuda
21%
CountryArgentine
21%
CountryAustralie
21%
CountryAutriche
21%
CountryBahamas
21%
CountryBahreïn
21%
CountryBangladesh
21%
CountryBarbade
21%
CountryBelize
21%
CountryBénin
21%
CountryBhoutan
21%
CountryBiélorussie
21%
CountryBirmanie
21%
CountryBolivie
21%
CountryBotswana
21%
CountryBrésil
21%
CountryBrunei
21%
CountryBurkina Faso
21%
CountryBurundi
21%
CountryCambodge
21%
CountryCameroun
21%
CountryCanada
21%
CountryCap-Vert
21%
CountryChili
21%
CountryChine
21%
CountryColombie
21%
CountryComores
21%
CountryCorée du Nord
21%
Country | Country Corée du Sud
21%
CountryCôte d'Ivoire
21%
CountryCroatie
21%
CountryCuba
21%
CountryDanemark
21%
CountryDjibouti
21%
CountryDominique
21%
CountryÉgypte
21%
CountryÉmirats arabes unis
21%
CountryÉrythrée
21%
CountryEspagne
21%
CountryEstonie
21%
CountryEswatini
21%
CountryÉthiopie
21%
CountryFidji
21%
CountryFinlande
21%
CountryGabon
21%
CountryGambie
21%
CountryGhana
21%
CountryGrèce
21%
CountryGrenade
21%
CountryGuinée
21%
CountryGuinée-Bissau
21%
CountryGuinée équatoriale
21%
CountryGuyana
21%
CountryHaïti
21%
CountryHongrie
21%
CountryÎle Maurice
21%
CountryÎles Marshall
21%
CountryInde
21%
CountryIndonésie
21%
CountryIrak
21%
CountryIran
21%
CountryIrlande
21%
CountryIslande
21%
CountryItalie
21%
CountryJamaïque
21%
CountryJapon
21%
CountryKazakhstan
21%
CountryKirghizistan
21%
CountryKiribati
21%
CountryKosovo
21%
CountryKoweït
21%
CountryLaos
21%
CountryLesotho
21%
CountryLiberia
21%
CountryLibye
21%
CountryLiechtenstein
21%
CountryMadagascar
21%
CountryMalaisie
21%
CountryMalawi
21%
CountryMaldives
21%
CountryMali
21%
CountryMalte
21%
CountryMaroc
21%
CountryMauritanie
21%
CountryMexique
21%
CountryMicronésie
21%
CountryMonaco
21%
CountryMongolie
21%
CountryMozambique
21%
CountryNamibie
21%
CountryNauru
21%
CountryNiger
21%
CountryNigeria
21%
CountryNorvège
21%
CountryOman
21%
CountryOuganda
21%
CountryPalaos
21%
CountryPanama
21%
CountryPapouasie-Nouvelle-Guinée
21%
CountryParaguay
21%
CountryPays-Bas
21%
CountryPays Mystère
21%
CountryPérou
21%
CountryPhilippines
21%
CountryPologne
21%
CountryRépublique Centrafricaine
21%
CountryRépublique démocratique du Congo
21%
CountryRépublique dominicaine
21%
CountryRépublique du Congo
21%
CountryRépublique tchèque
21%
CountryRoumanie
21%
CountryRoyaume-Uni
21%
CountryRwanda
21%
CountrySaint-Christophe- et-Niévès
21%
CountrySainte-Lucie
21%
CountrySaint-Vincent-et-les-Grenadines
21%
CountrySalomon
21%
CountrySalvador
21%
Country Samoa
21%
CountrySao Tomé-et-Principe
21%
CountrySénégal
21%
CountrySerbie
21%
CountrySeychelles
21%
CountrySierra Leone
21%
CountrySingapour
21%
CountrySlovénie
21%
CountrySomalie
21%
CountrySoudan du Sud
21%
CountrySri Lanka
21%
CountrySuisse
21%
CountrySuriname
21%
CountryTadjikistan
21%
CountryTaïwan
21%
CountryTanzanie
21%
CountryTimor oriental
21%
CountryTonga
21%
CountryTrinité-et-Tobago
21%
CountryTunisie
21%
CountryTurkménistan
21%
CountryTurquie
21%
CountryTuvalu
21%
CountryUkraine
21%
CountryUruguay
21%
CountryVanuatu
21%
CountryVenezuela
21%
CountryViêt Nam
21%
CountryZambie
21%
CountryZimbabwe
21%
CountryAfghanistan
20%
CountryAfrique du Sud
20%
CountryAlbanie
20%
CountryAlgérie
20%
CountryAllemagne
20%
CountryAndorre
20%
CountryAngola
20%
CountryArabie Saoudite
20%
CountryArgentine
20%
CountryArménie
20%
CountryAustralie
20%
CountryAutriche
20%
CountryAzerbaïdjan
20%
CountryBahamas
20%
CountryBelgique
20%
CountryBelize
20%
CountryBénin
20%
CountryBiélorussie
20%
CountryBirmanie
20%
Country Bolivie
20%
CountryBosnie-Herzégovine
20%
CountryBotswana
20%
CountryBrunei
20%
CountryBulgarie
20%
CountryBurundi
20%
CountryCambodge
20%
CountryCameroun
20%
CountryCap-Vert
20%
CountryChili
20%
CountryChypre
20%
CountryColombie
20%
CountryCorée du Nord
20%
CountryCorée du Sud
20%
CountryCosta Rica
20%
CountryCôte d'Ivoire
20%
CountryCroatie
20%
CountryCuba
20%
CountryDanemark
20%
CountryÉgypte
20%
CountryÉmirats arabes unis
20%
CountryÉquateur
20%
CountryEstonie
20%
CountryEswatini
20%
CountryÉthiopie
20%
CountryFidji
20%
CountryFinlande
20%
CountryGabon
20%
CountryGambie
20%
CountryGéorgie
20%
CountryGhana
20%
CountryGrèce
20%
CountryGuatemala
20%
CountryGuinée
20%
CountryGuyana
20%
CountryHaïti
20%
CountryHonduras
20%
CountryÎle Maurice
20%
CountryÎles Marshall
20%
CountryInde
20%
CountryIndonésie
20%
CountryIrak
20%
CountryIran
20%
CountryIrlande
20%
CountryIsraël
20%
CountryItalie
20%
CountryJamaïque
20%
CountryJapon
20%
CountryKazakhstan
20%
CountryKenya
20%
CountryKirghizistan
20%
CountryKiribati
20%
CountryKosovo
20%
CountryKoweït
20%
CountryLaos
20%
CountryLesotho
20%
CountryLiban
20%
CountryLiberia
20%
CountryLibye
20%
CountryLuxembourg
20%
CountryMacédoine du Nord
20%
CountryMadagascar
20%
CountryMalaisie
20%
CountryMalawi
20%
CountryMaldives
20%
CountryMali
20%
CountryMaroc
20%
CountryMauritanie
20%
CountryMexique
20%
CountryMicronésie
20%
CountryMoldavie
20%
CountryMonaco
20%
CountryMongolie
20%
CountryMonténégro
20%
CountryMozambique
20%
CountryNamibie
20%
CountryNauru
20%
CountryNépal
20%
CountryNicaragua
20%
CountryNiger
20%
CountryNigeria
20%
CountryNorvège
20%
CountryNouvelle-Zélande
20%
CountryOman
20%
CountryOuganda
20%
CountryOuzbékistan
20%
CountryPakistan
20%
CountryPalaos
20%
CountryPanama
20%
CountryPapouasie-Nouvelle-Guinée
20%
CountryParaguay
20%
CountryPays-Bas
20%
CountryPérou
20%
CountryPhilippines
20%
CountryPologne
20%
CountryPortugal
20%
CountryQatar
20%
CountryRépublique Centrafricaine
20%
CountryRépublique démocratique du Congo
20%
CountryRépublique du Congo
20%
CountryRoumanie
20%
CountryRoyaume-Uni
20%
CountryRwanda
20%
CountrySaint-Marin
20%
CountrySalomon
20%
CountrySalvador
20%
CountrySamoa
20%
CountrySénégal
20%
CountrySerbie
20%
CountrySierra Leone
20%
CountrySingapour
20%
CountrySlovaquie
20%
CountrySomalie
20%
CountrySoudan
20%
CountrySri Lanka
20%
CountrySuède
20%
CountrySuisse
20%
CountrySuriname
20%
CountrySyrie
20%
CountryTaïwan
20%
CountryTanzanie
20%
CountryTchad
20%
CountryThaïlande
20%
CountryTogo
20%
CountryTurkménistan
20%
CountryTurquie
20%
Country | Country Uruguay
20%
CountryVanuatu
20%
CountryVenezuela
20%
CountryViêt Nam
20%
CountryYémen
20%
CountryZambie
20%
CountryZimbabwe
20%
CountryAfghanistan
19%
CountryAlgérie
19%
CountryAndorre
19%
CountryAntigua-et-Barbuda
19%
CountryArabie Saoudite
19%
CountryArménie
19%
CountryAustralie
19%
CountryAutriche
19%
CountryAzerbaïdjan
19%
CountryBahamas
19%
CountryBahreïn
19%
CountryBangladesh
19%
CountryBarbade
19%
CountryBelgique
19%
CountryBelize
19%
CountryBénin
19%
CountryBhoutan
19%
CountryBiélorussie
19%
CountryBirmanie
19%
CountryBolivie
19%
CountryBosnie-Herzégovine
19%
CountryBotswana
19%
CountryBrésil
19%
CountryBrunei
19%
CountryBulgarie
19%
CountryBurkina Faso
19%
CountryBurundi
19%
CountryCambodge
19%
CountryCameroun
19%
CountryCanada
19%
CountryCap-Vert
19%
CountryChypre
19%
CountryComores
19%
CountryCorée du Nord
19%
CountryCorée du Sud
19%
CountryCosta Rica
19%
CountryCôte d'Ivoire
19%
CountryCroatie
19%
CountryCuba
19%
CountryDanemark
19%
CountryDjibouti
19%
CountryDominique
19%
CountryÉgypte
19%
CountryÉmirats arabes unis
19%
CountryÉquateur
19%
CountryÉrythrée
19%
CountryEspagne
19%
CountryEstonie
19%
CountryEswatini
19%
CountryÉthiopie
19%
CountryFidji
19%
CountryFinlande
19%
CountryGabon
19%
CountryGambie
19%
CountryGéorgie
19%
CountryGhana
19%
CountryGrèce
19%
CountryGrenade
19%
CountryGuatemala
19%
CountryGuinée
19%
CountryGuinée-Bissau
19%
CountryGuinée équatoriale
19%
CountryGuyana
19%
CountryHaïti
19%
CountryHonduras
19%
CountryHongrie
19%
CountryÎle Maurice
19%
CountryÎles Marshall
19%
CountryInde
19%
CountryIndonésie
19%
CountryIrak
19%
CountryIran
19%
CountryIsraël
19%
CountryItalie
19%
CountryJamaïque
19%
CountryJapon
19%
CountryJordanie
19%
CountryKazakhstan
19%
CountryKenya
19%
CountryKiribati
19%
CountryKosovo
19%
CountryKoweït
19%
CountryLaos
19%
CountryLesotho
19%
CountryLettonie
19%
CountryLiban
19%
CountryLiberia
19%
CountryLibye
19%
CountryLiechtenstein
19%
CountryLituanie
19%
CountryLuxembourg
19%
CountryMacédoine du Nord
19%
CountryMalaisie
19%
CountryMalawi
19%
CountryMaldives
19%
CountryMali
19%
CountryMalte
19%
CountryMaroc
19%
CountryMauritanie
19%
CountryMexique
19%
CountryMicronésie
19%
CountryMoldavie
19%
CountryMonaco
19%
CountryMongolie
19%
CountryMonténégro
19%
CountryMozambique
19%
CountryNamibie
19%
CountryNauru
19%
CountryNépal
19%
CountryNicaragua
19%
CountryNigeria
19%
CountryNorvège
19%
CountryNouvelle-Zélande
19%
CountryOman
19%
CountryOuganda
19%
CountryPakistan
19%
CountryPalaos
19%
CountryPanama
19%
CountryPapouasie-Nouvelle-Guinée
19%
CountryParaguay
19%
CountryPays-Bas
19%
CountryPays Mystère
19%
CountryPortugal
19%
CountryQatar
19%
CountryRépublique Centrafricaine
19%
CountryRépublique démocratique du Congo
19%
CountryRépublique dominicaine
19%
CountryRépublique du Congo
19%
CountryRépublique tchèque
19%
CountryRoumanie
19%
CountryRoyaume-Uni
19%
CountryRwanda
19%
CountrySaint-Christophe- et-Niévès
19%
CountrySainte-Lucie
19%
CountrySaint-Marin
19%
CountrySaint-Vincent-et-les-Grenadines
19%
CountrySalomon
19%
CountrySalvador
19%
CountrySamoa
19%
CountrySao Tomé-et-Principe
19%
CountrySerbie
19%
CountrySeychelles
19%
CountrySierra Leone
19%
CountrySingapour
19%
CountrySlovaquie
19%
CountrySlovénie
19%
CountrySomalie
19%
CountrySoudan
19%
CountrySoudan du Sud
19%
CountrySri Lanka
19%
CountrySuriname
19%
CountrySyrie
19%
CountryTadjikistan
19%
CountryTaïwan
19%
CountryTanzanie
19%
CountryTchad
19%
CountryThaïlande
19%
CountryTimor oriental
19%
CountryTogo
19%
CountryTonga
19%
CountryTrinité-et-Tobago
19%
CountryTunisie
19%
CountryTurquie
19%
CountryTuvalu
19%
CountryUkraine
19%
CountryUruguay
19%
CountryVanuatu
19%
CountryVatican
19%
CountryYémen
19%
CountryZambie
19%
CountryZimbabwe
19%
CountryAfghanistan
18%
CountryAfrique du Sud
18%
CountryAlbanie
18%
CountryAndorre
18%
CountryArabie Saoudite
18%
CountryArgentine
18%
CountryArménie
18%
CountryAustralie
18%
CountryAzerbaïdjan
18%
CountryBahreïn
18%
CountryBangladesh
18%
CountryBelgique
18%
CountryBiélorussie
18%
CountryBolivie
18%
CountryBrésil
18%
CountryBrunei
18%
Country | Country Chili
18%
CountryColombie
18%
CountryCorée du Nord
18%
CountryCorée du Sud
18%
CountryCosta Rica
18%
CountryCôte d'Ivoire
18%
CountryCroatie
18%
CountryCuba
18%
CountryDjibouti
18%
CountryÉgypte
18%
CountryÉquateur
18%
CountryEstonie
18%
CountryFinlande
18%
CountryGéorgie
18%
CountryGrèce
18%
CountryGuatemala
18%
CountryGuinée
18%
CountryGuinée équatoriale
18%
CountryGuyana
18%
CountryHonduras
18%
CountryÎles Marshall
18%
CountryInde
18%
CountryIndonésie
18%
CountryIrak
18%
CountryIran
18%
CountryIrlande
18%
CountryIslande
18%
CountryJamaïque
18%
CountryJapon
18%
CountryKazakhstan
18%
CountryKirghizistan
18%
CountryKiribati
18%
CountryLettonie
18%
CountryLituanie
18%
CountryLuxembourg
18%
CountryMalaisie
18%
CountryMaldives
18%
CountryMali
18%
CountryMalte
18%
CountryMaroc
18%
CountryMexique
18%
CountryMicronésie
18%
CountryMongolie
18%
CountryMonténégro
18%
CountryNauru
18%
CountryNicaragua
18%
CountryNiger
18%
CountryNigeria
18%
CountryNorvège
18%
CountryOman
18%
CountryOuzbékistan
18%
CountryPakistan
18%
CountryPalaos
18%
CountryPanama
18%
CountryPapouasie-Nouvelle-Guinée
18%
CountryParaguay
18%
CountryPays-Bas
18%
CountryPays Mystère
18%
CountryPologne
18%
CountryPortugal
18%
CountryRépublique démocratique du Congo
18%
CountryRépublique dominicaine
18%
CountryRépublique tchèque
18%
CountryRoumanie
18%
CountryRoyaume-Uni
18%
CountrySaint-Christophe- et-Niévès
18%
CountrySainte-Lucie
18%
CountrySaint-Vincent-et-les-Grenadines
18%
CountrySalomon
18%
CountrySalvador
18%
CountrySamoa
18%
CountrySénégal
18%
CountrySeychelles
18%
CountrySlovénie
18%
CountrySoudan
18%
CountrySoudan du Sud
18%
CountrySuède
18%
CountrySuisse
18%
CountrySuriname
18%
CountryTadjikistan
18%
CountryTchad
18%
CountryThaïlande
18%
CountryTimor oriental
18%
CountryTogo
18%
CountryTonga
18%
CountryTunisie
18%
CountryTurkménistan
18%
CountryTurquie
18%
CountryTuvalu
18%
CountryUkraine
18%
CountryUruguay
18%
CountryVanuatu
18%
CountryVatican
18%
CountryVenezuela
18%
CountryViêt Nam
18%
CountryAfghanistan
17%
CountryAlbanie
17%
CountryAlgérie
17%
CountryAllemagne
17%
CountryAngola
17%
CountryArabie Saoudite
17%
CountryArgentine
17%
CountryArménie
17%
CountryAustralie
17%
CountryAutriche
17%
CountryBahamas
17%
CountryBangladesh
17%
CountryBarbade
17%
CountryBelgique
17%
CountryBelize
17%
CountryBénin
17%
CountryBhoutan
17%
CountryBiélorussie
17%
CountryBirmanie
17%
CountryBosnie-Herzégovine
17%
CountryBotswana
17%
CountryBrésil
17%
CountryBrunei
17%
CountryBulgarie
17%
CountryBurkina Faso
17%
Country Cambodge
17%
CountryCameroun
17%
CountryCap-Vert
17%
CountryChili
17%
CountryChypre
17%
CountryColombie
17%
CountryComores
17%
CountryCorée du Nord
17%
CountryCorée du Sud
17%
CountryCôte d'Ivoire
17%
CountryDanemark
17%
CountryDjibouti
17%
CountryDominique
17%
CountryÉgypte
17%
CountryÉmirats arabes unis
17%
CountryÉquateur
17%
CountryEstonie
17%
CountryEswatini
17%
CountryÉthiopie
17%
CountryFidji
17%
CountryFinlande
17%
CountryGabon
17%
CountryGambie
17%
CountryGéorgie
17%
CountryGhana
17%
CountryGrèce
17%
CountryGuinée
17%
CountryGuinée-Bissau
17%
CountryGuyana
17%
CountryHaïti
17%
CountryHonduras
17%
CountryHongrie
17%
CountryÎle Maurice
17%
CountryInde
17%
CountryIrak
17%
CountryIran
17%
CountryIrlande
17%
CountryIslande
17%
CountryIsraël
17%
CountryItalie
17%
CountryJamaïque
17%
CountryJapon
17%
CountryJordanie
17%
CountryKenya
17%
CountryKosovo
17%
CountryLaos
17%
CountryLettonie
17%
CountryLiban
17%
CountryLiberia
17%
CountryLibye
17%
CountryLiechtenstein
17%
CountryLituanie
17%
CountryLuxembourg
17%
CountryMadagascar
17%
CountryMalawi
17%
CountryMaldives
17%
CountryMali
17%
CountryMalte
17%
CountryMaroc
17%
CountryMauritanie
17%
CountryMexique
17%
CountryMoldavie
17%
CountryMonaco
17%
CountryMongolie
17%
CountryMonténégro
17%
CountryMozambique
17%
CountryNamibie
17%
CountryNépal
17%
CountryNiger
17%
CountryNigeria
17%
CountryNorvège
17%
CountryNouvelle-Zélande
17%
CountryOman
17%
CountryOuganda
17%
CountryOuzbékistan
17%
CountryPakistan
17%
CountryPalaos
17%
CountryPanama
17%
CountryParaguay
17%
CountryPays-Bas
17%
CountryPérou
17%
CountryPhilippines
17%
CountryPologne
17%
CountryPortugal
17%
CountryQatar
17%
CountryRépublique Centrafricaine
17%
CountryRépublique dominicaine
17%
CountryRépublique du Congo
17%
CountryRépublique tchèque
17%
CountryRoumanie
17%
CountryRoyaume-Uni
17%
CountryRwanda
17%
CountrySainte-Lucie
17%
CountrySaint-Marin
17%
CountrySalvador
17%
CountrySamoa
17%
CountrySénégal
17%
CountrySerbie
17%
CountrySierra Leone
17%
CountrySingapour
17%
CountrySlovaquie
17%
CountrySlovénie
17%
CountrySomalie
17%
CountrySoudan
17%
CountrySri Lanka
17%
CountrySuède
17%
CountrySuisse
17%
CountrySuriname
17%
CountrySyrie
17%
CountryTaïwan
17%
CountryTanzanie
17%
CountryTchad
17%
CountryThaïlande
17%
CountryTogo
17%
CountryTrinité-et-Tobago
17%
CountryTunisie
17%
CountryTurkménistan
17%
CountryTurquie
17%
CountryUkraine
17%
CountryVatican
17%
CountryViêt Nam
17%
CountryYémen
17%
CountryZambie
17%
CountryZimbabwe
17%
CountryAfghanistan
16%
CountryAfrique du Sud
16%
CountryAlbanie
16%
CountryAlgérie
16%
CountryAngola
16%
CountryAntigua-et-Barbuda
16%
CountryArabie Saoudite
16%
CountryArgentine
16%
CountryArménie
16%
CountryAustralie
16%
CountryAutriche
16%
CountryAzerbaïdjan
16%
CountryBahamas
16%
CountryBahreïn
16%
CountryBangladesh
16%
CountryBarbade
16%
CountryBelgique
16%
CountryBelize
16%
CountryBhoutan
16%
CountryBiélorussie
16%
CountryBirmanie
16%
CountryBolivie
16%
CountryBosnie-Herzégovine
16%
CountryBotswana
16%
CountryBrunei
16%
CountryBulgarie
16%
CountryBurundi
16%
CountryCambodge
16%
CountryCap-Vert
16%
CountryChili
16%
CountryChypre
16%
CountryColombie
16%
CountryComores
16%
CountryCorée du Nord
16%
CountryCorée du Sud
16%
CountryCosta Rica
16%
CountryCroatie
16%
CountryDanemark
16%
CountryDjibouti
16%
CountryDominique
16%
CountryÉgypte
16%
CountryÉmirats arabes unis
16%
CountryÉrythrée
16%
CountryEstonie
16%
CountryEswatini
16%
CountryÉthiopie
16%
CountryFidji
16%
CountryFinlande
16%
CountryGambie
16%
CountryGéorgie
16%
CountryGhana
16%
CountryGrèce
16%
CountryGrenade
16%
CountryGuatemala
16%
CountryGuinée-Bissau
16%
CountryGuinée équatoriale
16%
CountryHaïti
16%
CountryHongrie
16%
CountryÎle Maurice
16%
CountryÎles Marshall
16%
CountryInde
16%
CountryIndonésie
16%
CountryIrak
16%
CountryIran
16%
CountryIrlande
16%
CountryIsraël
16%
CountryItalie
16%
CountryJapon
16%
CountryJordanie
16%
CountryKazakhstan
16%
CountryKirghizistan
16%
CountryKiribati
16%
CountryKosovo
16%
CountryKoweït
16%
CountryLaos
16%
CountryLesotho
16%
CountryLettonie
16%
CountryLiban
16%
CountryLibye
16%
CountryLiechtenstein
16%
CountryMacédoine du Nord
16%
CountryMadagascar
16%
CountryMalaisie
16%
CountryMalawi
16%
CountryMaldives
16%
CountryMali
16%
CountryMaroc
16%
CountryMauritanie
16%
CountryMexique
16%
CountryMicronésie
16%
CountryMoldavie
16%
CountryMongolie
16%
CountryMonténégro
16%
CountryMozambique
16%
CountryNamibie
16%
CountryNauru
16%
CountryNépal
16%
CountryNicaragua
16%
CountryNiger
16%
CountryNigeria
16%
CountryNorvège
16%
CountryNouvelle-Zélande
16%
CountryOman
16%
CountryOuganda
16%
CountryOuzbékistan
16%
CountryPakistan
16%
CountryPalaos
16%
CountryPapouasie-Nouvelle-Guinée
16%
CountryPays-Bas
16%
CountryPays Mystère
16%
CountryPérou
16%
CountryPhilippines
16%
CountryPologne
16%
CountryPortugal
16%
CountryQatar
16%
CountryRépublique Centrafricaine
16%
CountryRépublique démocratique du Congo
16%
CountryRépublique dominicaine
16%
CountryRépublique du Congo
16%
CountryRépublique tchèque
16%
CountryRoumanie
16%
CountryRoyaume-Uni
16%
CountryRwanda
16%
CountrySaint-Christophe- et-Niévès
16%
CountrySainte-Lucie
16%
CountrySaint-Marin
16%
CountrySaint-Vincent-et-les-Grenadines
16%
CountrySalomon
16%
CountrySalvador
16%
CountrySamoa
16%
CountrySao Tomé-et-Principe
16%
CountrySénégal
16%
CountrySerbie
16%
CountrySeychelles
16%
CountrySierra Leone
16%
Country | Country Singapour
16%
CountrySlovaquie
16%
CountrySomalie
16%
CountrySoudan
16%
CountrySoudan du Sud
16%
CountrySri Lanka
16%
CountrySuède
16%
CountrySuisse
16%
CountrySyrie
16%
CountryTadjikistan
16%
CountryTaïwan
16%
CountryTanzanie
16%
CountryTchad
16%
CountryThaïlande
16%
CountryTimor oriental
16%
CountryTogo
16%
CountryTonga
16%
CountryTrinité-et-Tobago
16%
CountryTunisie
16%
CountryTurkménistan
16%
CountryTurquie
16%
CountryTuvalu
16%
CountryUkraine
16%
Country | Country Vanuatu
16%
CountryYémen
16%
CountryZambie
16%
CountryZimbabwe
16%
CountryAfrique du Sud
15%
CountryAlbanie
15%
CountryAllemagne
15%
CountryAndorre
15%
CountryAngola
15%
CountryAntigua-et-Barbuda
15%
CountryArabie Saoudite
15%
CountryArgentine
15%
CountryArménie
15%
CountryAustralie
15%
CountryAutriche
15%
CountryAzerbaïdjan
15%
CountryBahamas
15%
CountryBahreïn
15%
CountryBangladesh
15%
CountryBarbade
15%
CountryBelgique
15%
CountryBelize
15%
CountryBénin
15%
CountryBhoutan
15%
CountryBiélorussie
15%
CountryBirmanie
15%
CountryBolivie
15%
CountryBosnie-Herzégovine
15%
CountryBotswana
15%
CountryBrunei
15%
CountryBulgarie
15%
CountryBurkina Faso
15%
CountryBurundi
15%
CountryCambodge
15%
CountryCameroun
15%
CountryChypre
15%
CountryColombie
15%
CountryComores
15%
CountryCorée du Nord
15%
CountryCorée du Sud
15%
CountryCosta Rica
15%
CountryCôte d'Ivoire
15%
CountryCroatie
15%
CountryCuba
15%
CountryDjibouti
15%
CountryÉgypte
15%
CountryÉmirats arabes unis
15%
CountryÉquateur
15%
CountryÉrythrée
15%
CountryEstonie
15%
CountryEswatini
15%
CountryÉthiopie
15%
CountryFidji
15%
CountryFinlande
15%
CountryGabon
15%
CountryGambie
15%
CountryGéorgie
15%
CountryGhana
15%
CountryGrèce
15%
CountryGrenade
15%
CountryGuinée
15%
CountryGuinée-Bissau
15%
CountryGuinée équatoriale
15%
CountryGuyana
15%
CountryHaïti
15%
CountryHonduras
15%
CountryHongrie
15%
CountryÎle Maurice
15%
CountryÎles Marshall
15%
CountryInde
15%
CountryIndonésie
15%
CountryIrak
15%
CountryIran
15%
CountryIrlande
15%
CountryIslande
15%
CountryIsraël
15%
CountryJamaïque
15%
CountryJapon
15%
CountryJordanie
15%
CountryKazakhstan
15%
CountryKenya
15%
CountryKirghizistan
15%
CountryKiribati
15%
CountryKosovo
15%
CountryKoweït
15%
CountryLaos
15%
CountryLesotho
15%
CountryLettonie
15%
CountryLiban
15%
CountryLiberia
15%
CountryLibye
15%
CountryLiechtenstein
15%
CountryLituanie
15%
CountryLuxembourg
15%
CountryMacédoine du Nord
15%
CountryMadagascar
15%
CountryMalaisie
15%
CountryMalawi
15%
CountryMaldives
15%
CountryMali
15%
CountryMalte
15%
CountryMauritanie
15%
CountryMexique
15%
CountryMicronésie
15%
CountryMoldavie
15%
CountryMonaco
15%
CountryMongolie
15%
CountryMonténégro
15%
CountryMozambique
15%
CountryNamibie
15%
CountryNauru
15%
CountryNépal
15%
CountryNicaragua
15%
CountryNiger
15%
CountryNigeria
15%
CountryNouvelle-Zélande
15%
CountryOman
15%
CountryOuganda
15%
CountryOuzbékistan
15%
CountryPakistan
15%
CountryPalaos
15%
CountryPanama
15%
CountryPapouasie-Nouvelle-Guinée
15%
CountryParaguay
15%
CountryPays-Bas
15%
CountryPays Mystère
15%
CountryPérou
15%
CountryPhilippines
15%
CountryPologne
15%
CountryPortugal
15%
CountryQatar
15%
CountryRépublique Centrafricaine
15%
CountryRépublique dominicaine
15%
CountryRépublique du Congo
15%
CountryRépublique tchèque
15%
CountryRoumanie
15%
CountryRwanda
15%
CountrySaint-Christophe- et-Niévès
15%
CountrySainte-Lucie
15%
CountrySaint-Marin
15%
CountrySaint-Vincent-et-les-Grenadines
15%
CountrySalomon
15%
CountrySamoa
15%
CountrySao Tomé-et-Principe
15%
CountrySénégal
15%
CountrySerbie
15%
CountrySeychelles
15%
CountrySierra Leone
15%
CountrySlovaquie
15%
CountrySlovénie
15%
CountrySomalie
15%
CountrySoudan
15%
CountrySoudan du Sud
15%
CountrySuède
15%
CountrySyrie
15%
CountryTadjikistan
15%
CountryTaïwan
15%
CountryTanzanie
15%
CountryTimor oriental
15%
CountryTogo
15%
CountryTonga
15%
CountryTrinité-et-Tobago
15%
CountryTunisie
15%
CountryTurkménistan
15%
CountryTurquie
15%
CountryTuvalu
15%
CountryUkraine
15%
CountryUruguay
15%
CountryVanuatu
15%
CountryVatican
15%
CountryVenezuela
15%
CountryViêt Nam
15%
CountryYémen
15%
CountryZambie
15%
CountryZimbabwe
15%
CountryAfghanistan
14%
CountryAfrique du Sud
14%
CountryAlbanie
14%
CountryAlgérie
14%
CountryAllemagne
14%
CountryAndorre
14%
CountryAngola
14%
CountryAntigua-et-Barbuda
14%
CountryArabie Saoudite
14%
CountryArménie
14%
CountryAzerbaïdjan
14%
CountryBahamas
14%
CountryBahreïn
14%
CountryBangladesh
14%
CountryBarbade
14%
CountryBelgique
14%
CountryBelize
14%
CountryBénin
14%
CountryBhoutan
14%
CountryBiélorussie
14%
CountryBirmanie
14%
CountryBolivie
14%
CountryBosnie-Herzégovine
14%
CountryBotswana
14%
CountryBrunei
14%
CountryBulgarie
14%
CountryBurkina Faso
14%
CountryBurundi
14%
CountryCambodge
14%
CountryCameroun
14%
CountryCap-Vert
14%
CountryChili
14%
CountryChypre
14%
CountryComores
14%
CountryCorée du Nord
14%
CountryCosta Rica
14%
CountryCôte d'Ivoire
14%
CountryCroatie
14%
CountryDanemark
14%
CountryDjibouti
14%
CountryDominique
14%
CountryÉgypte
14%
CountryÉmirats arabes unis
14%
CountryÉquateur
14%
CountryÉrythrée
14%
CountryEstonie
14%
CountryEswatini
14%
CountryÉthiopie
14%
CountryFidji
14%
CountryFinlande
14%
CountryGabon
14%
CountryGambie
14%
CountryGéorgie
14%
CountryGhana
14%
CountryGrenade
14%
CountryGuatemala
14%
CountryGuinée
14%
CountryGuinée-Bissau
14%
CountryGuinée équatoriale
14%
CountryGuyana
14%
CountryHaïti
14%
CountryHonduras
14%
CountryHongrie
14%
CountryÎle Maurice
14%
CountryÎles Marshall
14%
CountryIndonésie
14%
CountryIrak
14%
CountryIran
14%
CountryIrlande
14%
CountryIslande
14%
CountryIsraël
14%
CountryItalie
14%
CountryJamaïque
14%
CountryJordanie
14%
CountryKazakhstan
14%
CountryKenya
14%
CountryKirghizistan
14%
CountryKiribati
14%
CountryKosovo
14%
CountryKoweït
14%
CountryLaos
14%
CountryLesotho
14%
CountryLettonie
14%
CountryLiban
14%
CountryLiberia
14%
CountryLibye
14%
CountryLiechtenstein
14%
CountryLituanie
14%
CountryMacédoine du Nord
14%
CountryMadagascar
14%
CountryMalaisie
14%
CountryMalawi
14%
CountryMaldives
14%
CountryMalte
14%
CountryMaroc
14%
CountryMauritanie
14%
CountryMexique
14%
CountryMicronésie
14%
CountryMoldavie
14%
CountryMonaco
14%
CountryMongolie
14%
CountryMonténégro
14%
CountryMozambique
14%
CountryNamibie
14%
CountryNauru
14%
CountryNépal
14%
CountryNicaragua
14%
CountryNiger
14%
CountryNigeria
14%
CountryNorvège
14%
CountryNouvelle-Zélande
14%
CountryOman
14%
CountryOuganda
14%
CountryOuzbékistan
14%
CountryPakistan
14%
CountryPalaos
14%
CountryPapouasie-Nouvelle-Guinée
14%
CountryParaguay
14%
CountryPays Mystère
14%
CountryPhilippines
14%
CountryPologne
14%
CountryPortugal
14%
CountryQatar
14%
CountryRépublique Centrafricaine
14%
CountryRépublique démocratique du Congo
14%
CountryRépublique dominicaine
14%
CountryRépublique du Congo
14%
CountryRépublique tchèque
14%
CountryRoumanie
14%
CountryRoyaume-Uni
14%
CountryRwanda
14%
CountrySaint-Christophe- et-Niévès
14%
CountrySainte-Lucie
14%
CountrySaint-Marin
14%
CountrySaint-Vincent-et-les-Grenadines
14%
CountrySalomon
14%
CountrySalvador
14%
CountrySamoa
14%
CountrySao Tomé-et-Principe
14%
CountrySénégal
14%
CountrySerbie
14%
CountrySeychelles
14%
CountrySierra Leone
14%
CountrySingapour
14%
CountrySlovaquie
14%
CountrySlovénie
14%
CountrySomalie
14%
CountrySoudan
14%
CountrySoudan du Sud
14%
CountrySri Lanka
14%
CountrySuède
14%
CountrySuisse
14%
CountrySuriname
14%
CountrySyrie
14%
CountryTadjikistan
14%
CountryTaïwan
14%
CountryTanzanie
14%
CountryTchad
14%
CountryThaïlande
14%
Country | Country Timor oriental
14%
CountryTogo
14%
CountryTonga
14%
CountryTrinité-et-Tobago
14%
CountryTunisie
14%
CountryTurkménistan
14%
CountryTurquie
14%
CountryTuvalu
14%
CountryUkraine
14%
CountryUruguay
14%
CountryVanuatu
14%
CountryVatican
14%
CountryVenezuela
14%
CountryViêt Nam
14%
CountryYémen
14%
CountryZambie
14%
CountryZimbabwe
14%
CountryAfghanistan
13%
CountryAfrique du Sud
13%
CountryAlbanie
13%
CountryAlgérie
13%
CountryAndorre
13%
CountryAngola
13%
CountryAntigua-et-Barbuda
13%
CountryArabie Saoudite
13%
CountryArgentine
13%
CountryAutriche
13%
CountryAzerbaïdjan
13%
CountryBahamas
13%
CountryBahreïn
13%
CountryBangladesh
13%
CountryBarbade
13%
CountryBelgique
13%
CountryBelize
13%
CountryBénin
13%
CountryBhoutan
13%
CountryBiélorussie
13%
CountryBirmanie
13%
CountryBolivie
13%
CountryBosnie-Herzégovine
13%
CountryBotswana
13%
CountryBrunei
13%
CountryBulgarie
13%
CountryBurkina Faso
13%
CountryBurundi
13%
CountryCambodge
13%
CountryCameroun
13%
CountryCap-Vert
13%
CountryChili
13%
CountryColombie
13%
CountryComores
13%
CountryCorée du Sud
13%
CountryCôte d'Ivoire
13%
CountryCroatie
13%
CountryCuba
13%
CountryDanemark
13%
CountryDjibouti
13%
CountryDominique
13%
CountryÉgypte
13%
CountryÉrythrée
13%
CountryEstonie
13%
CountryEswatini
13%
CountryÉthiopie
13%
CountryFidji
13%
CountryFinlande
13%
CountryGabon
13%
CountryGambie
13%
CountryGhana
13%
CountryGrèce
13%
CountryGrenade
13%
CountryGuatemala
13%
CountryGuinée
13%
CountryGuinée-Bissau
13%
CountryGuinée équatoriale
13%
CountryGuyana
13%
CountryHaïti
13%
CountryHongrie
13%
CountryÎle Maurice
13%
CountryÎles Marshall
13%
CountryInde
13%
CountryIndonésie
13%
CountryIrak
13%
CountryIran
13%
CountryIrlande
13%
CountryIslande
13%
CountryIsraël
13%
CountryJamaïque
13%
CountryJapon
13%
CountryJordanie
13%
CountryKazakhstan
13%
CountryKenya
13%
CountryKirghizistan
13%
CountryKiribati
13%
CountryKosovo
13%
CountryKoweït
13%
CountryLesotho
13%
CountryLiban
13%
CountryLiberia
13%
CountryLibye
13%
CountryLiechtenstein
13%
CountryLuxembourg
13%
CountryMalaisie
13%
CountryMalawi
13%
CountryMaldives
13%
CountryMali
13%
CountryMalte
13%
CountryMaroc
13%
CountryMauritanie
13%
CountryMexique
13%
CountryMicronésie
13%
CountryMoldavie
13%
CountryMonaco
13%
CountryMongolie
13%
CountryMozambique
13%
CountryNamibie
13%
CountryNauru
13%
CountryNicaragua
13%
CountryNigeria
13%
CountryNorvège
13%
Country | Country | Country | Country Nouvelle-Zélande
13%
CountryOuganda
13%
CountryOuzbékistan
13%
CountryPakistan
13%
CountryPalaos
13%
CountryPanama
13%
CountryPapouasie-Nouvelle-Guinée
13%
CountryParaguay
13%
CountryPays-Bas
13%
CountryPays Mystère
13%
CountryPérou
13%
CountryPhilippines
13%
CountryPologne
13%
CountryPortugal
13%
CountryQatar
13%
CountryRépublique Centrafricaine
13%
CountryRépublique démocratique du Congo
13%
CountryRépublique dominicaine
13%
CountryRépublique du Congo
13%
CountryRépublique tchèque
13%
CountryRoumanie
13%
CountryRoyaume-Uni
13%
CountryRwanda
13%
CountrySaint-Christophe- et-Niévès
13%
CountrySainte-Lucie
13%
CountrySaint-Marin
13%
CountrySaint-Vincent-et-les-Grenadines
13%
CountrySalomon
13%
CountrySalvador
13%
Country | Country Samoa
13%
CountrySao Tomé-et-Principe
13%
CountrySénégal
13%
CountrySerbie
13%
CountrySeychelles
13%
CountrySierra Leone
13%
CountrySingapour
13%
CountrySlovaquie
13%
CountrySlovénie
13%
CountrySomalie
13%
CountrySoudan du Sud
13%
CountrySri Lanka
13%
CountrySuède
13%
CountrySuisse
13%
CountrySuriname
13%
CountryTadjikistan
13%
CountryTaïwan
13%
CountryTanzanie
13%
CountryTchad
13%
CountryThaïlande
13%
CountryTimor oriental
13%
CountryTogo
13%
CountryTonga
13%
CountryTrinité-et-Tobago
13%
CountryTunisie
13%
CountryTurkménistan
13%
CountryTurquie
13%
CountryTuvalu
13%
CountryUruguay
13%
CountryVanuatu
13%
CountryVatican
13%
CountryVenezuela
13%
CountryViêt Nam
13%
CountryYémen
13%
CountryZambie
13%
CountryZimbabwe
13%
CountryAfghanistan
12%
CountryAfrique du Sud
12%
CountryAlbanie
12%
CountryAlgérie
12%
CountryAndorre
12%
CountryAngola
12%
CountryArabie Saoudite
12%
CountryArgentine
12%
CountryArménie
12%
CountryAustralie
12%
CountryAutriche
12%
CountryBahamas
12%
CountryBelize
12%
CountryBiélorussie
12%
CountryBolivie
12%
CountryBosnie-Herzégovine
12%
CountryBotswana
12%
CountryBulgarie
12%
CountryBurundi
12%
CountryCambodge
12%
CountryCameroun
12%
CountryCap-Vert
12%
CountryChili
12%
CountryChypre
12%
CountryColombie
12%
CountryCorée du Nord
12%
CountryCorée du Sud
12%
CountryCosta Rica
12%
CountryCôte d'Ivoire
12%
CountryCroatie
12%
CountryCuba
12%
CountryDanemark
12%
CountryDjibouti
12%
CountryÉgypte
12%
CountryÉmirats arabes unis
12%
CountryÉquateur
12%
CountryÉrythrée
12%
CountryEstonie
12%
CountryEswatini
12%
CountryFidji
12%
CountryFinlande
12%
CountryGambie
12%
CountryGéorgie
12%
CountryGhana
12%
CountryGrèce
12%
CountryGuatemala
12%
CountryGuyana
12%
CountryHaïti
12%
CountryHonduras
12%
CountryHongrie
12%
CountryIndonésie
12%
CountryIrak
12%
CountryIran
12%
CountryIrlande
12%
CountryIslande
12%
CountryIsraël
12%
CountryJamaïque
12%
CountryJordanie
12%
CountryKazakhstan
12%
CountryKosovo
12%
CountryKoweït
12%
CountryLaos
12%
CountryLettonie
12%
CountryLiban
12%
CountryLibye
12%
CountryLiechtenstein
12%
CountryLituanie
12%
CountryLuxembourg
12%
CountryMacédoine du Nord
12%
CountryMadagascar
12%
CountryMalaisie
12%
CountryMalawi
12%
CountryMali
12%
CountryMalte
12%
CountryMaroc
12%
CountryMauritanie
12%
CountryMexique
12%
CountryMoldavie
12%
CountryMonaco
12%
CountryMongolie
12%
CountryMonténégro
12%
CountryNamibie
12%
CountryNépal
12%
CountryNicaragua
12%
CountryNiger
12%
CountryNigeria
12%
CountryNorvège
12%
Country | Country Nouvelle-Zélande
12%
CountryOman
12%
CountryOuganda
12%
CountryOuzbékistan
12%
CountryPakistan
12%
CountryPanama
12%
CountryParaguay
12%
CountryPays-Bas
12%
CountryPérou
12%
CountryPhilippines
12%
CountryPologne
12%
CountryPortugal
12%
CountryQatar
12%
CountryRépublique Centrafricaine
12%
CountryRépublique démocratique du Congo
12%
CountryRépublique du Congo
12%
CountryRépublique tchèque
12%
CountryRoumanie
12%
CountryRoyaume-Uni
12%
CountryRwanda
12%
CountrySaint-Marin
12%
CountrySalvador
12%
CountrySao Tomé-et-Principe
12%
CountrySénégal
12%
CountrySerbie
12%
CountrySierra Leone
12%
CountrySlovaquie
12%
CountrySlovénie
12%
CountrySoudan
12%
CountrySoudan du Sud
12%
CountrySri Lanka
12%
CountrySuisse
12%
CountrySuriname
12%
CountrySyrie
12%
CountryTaïwan
12%
CountryTanzanie
12%
CountryTchad
12%
CountryThaïlande
12%
CountryTunisie
12%
CountryUkraine
12%
CountryUruguay
12%
CountryVatican
12%
CountryVenezuela
12%
CountryViêt Nam
12%
CountryYémen
12%
CountryZambie
12%
CountryZimbabwe
12%
CountryAfghanistan
11%
CountryAfrique du Sud
11%
CountryAlbanie
11%
CountryAlgérie
11%
CountryAndorre
11%
CountryAngola
11%
CountryAntigua-et-Barbuda
11%
CountryArabie Saoudite
11%
CountryArgentine
11%
CountryArménie
11%
CountryAutriche
11%
CountryAzerbaïdjan
11%
CountryBahamas
11%
CountryBahreïn
11%
CountryBangladesh
11%
CountryBarbade
11%
CountryBelgique
11%
CountryBelize
11%
CountryBénin
11%
CountryBhoutan
11%
CountryBiélorussie
11%
CountryBirmanie
11%
CountryBolivie
11%
CountryBosnie-Herzégovine
11%
CountryBotswana
11%
CountryBrunei
11%
CountryBulgarie
11%
CountryBurkina Faso
11%
CountryBurundi
11%
CountryCambodge
11%
CountryCameroun
11%
CountryCap-Vert
11%
CountryChili
11%
CountryChypre
11%
CountryColombie
11%
CountryComores
11%
CountryCorée du Nord
11%
CountryCorée du Sud
11%
CountryCosta Rica
11%
CountryCôte d'Ivoire
11%
CountryCroatie
11%
CountryCuba
11%
CountryDanemark
11%
CountryDjibouti
11%
CountryDominique
11%
CountryÉmirats arabes unis
11%
CountryÉquateur
11%
CountryÉrythrée
11%
CountryEswatini
11%
CountryÉthiopie
11%
CountryFidji
11%
CountryFinlande
11%
CountryGabon
11%
CountryGambie
11%
CountryGéorgie
11%
CountryGhana
11%
CountryGrèce
11%
CountryGrenade
11%
CountryGuatemala
11%
CountryGuinée
11%
CountryGuinée-Bissau
11%
CountryGuinée équatoriale
11%
CountryGuyana
11%
CountryHaïti
11%
CountryHonduras
11%
CountryHongrie
11%
CountryÎle Maurice
11%
CountryÎles Marshall
11%
CountryIndonésie
11%
CountryIrak
11%
CountryIran
11%
CountryIrlande
11%
CountryIslande
11%
CountryIsraël
11%
CountryJamaïque
11%
CountryJapon
11%
CountryJordanie
11%
CountryKazakhstan
11%
CountryKenya
11%
CountryKirghizistan
11%
CountryKiribati
11%
CountryKosovo
11%
CountryKoweït
11%
CountryLaos
11%
CountryLesotho
11%
CountryLettonie
11%
CountryLiban
11%
CountryLiberia
11%
CountryLibye
11%
CountryLiechtenstein
11%
CountryLituanie
11%
CountryLuxembourg
11%
CountryMacédoine du Nord
11%
CountryMadagascar
11%
CountryMalaisie
11%
CountryMalawi
11%
CountryMaldives
11%
CountryMalte
11%
CountryMaroc
11%
CountryMauritanie
11%
CountryMexique
11%
CountryMicronésie
11%
CountryMoldavie
11%
CountryMonaco
11%
CountryMongolie
11%
CountryMonténégro
11%
CountryMozambique
11%
CountryNamibie
11%
CountryNauru
11%
CountryNépal
11%
CountryNicaragua
11%
CountryNiger
11%
CountryNigeria
11%
CountryNouvelle-Zélande
11%
CountryOman
11%
CountryOuganda
11%
CountryOuzbékistan
11%
CountryPakistan
11%
CountryPalaos
11%
CountryPanama
11%
CountryPapouasie-Nouvelle-Guinée
11%
CountryParaguay
11%
CountryPays-Bas
11%
CountryPays Mystère
11%
CountryPérou
11%
CountryPhilippines
11%
CountryPologne
11%
CountryPortugal
11%
CountryQatar
11%
CountryRépublique Centrafricaine
11%
CountryRépublique démocratique du Congo
11%
CountryRépublique dominicaine
11%
CountryRépublique du Congo
11%
CountryRépublique tchèque
11%
CountryRoumanie
11%
CountryRoyaume-Uni
11%
CountryRwanda
11%
CountrySaint-Christophe- et-Niévès
11%
CountrySainte-Lucie
11%
CountrySaint-Marin
11%
CountrySaint-Vincent-et-les-Grenadines
11%
CountrySalomon
11%
CountrySalvador
11%
Country | Country Samoa
11%
CountrySao Tomé-et-Principe
11%
CountrySénégal
11%
CountrySerbie
11%
CountrySeychelles
11%
CountrySierra Leone
11%
Country | Country Singapour
11%
CountrySlovaquie
11%
CountrySlovénie
11%
CountrySomalie
11%
CountrySoudan
11%
CountrySoudan du Sud
11%
CountrySri Lanka
11%
CountrySuisse
11%
CountrySuriname
11%
CountrySyrie
11%
CountryTadjikistan
11%
CountryTaïwan
11%
CountryTanzanie
11%
CountryTchad
11%
CountryThaïlande
11%
CountryTimor oriental
11%
CountryTogo
11%
CountryTonga
11%
CountryTrinité-et-Tobago
11%
CountryTunisie
11%
CountryTurkménistan
11%
CountryTurquie
11%
CountryTuvalu
11%
CountryUkraine
11%
CountryUruguay
11%
CountryVanuatu
11%
CountryVatican
11%
CountryVenezuela
11%
CountryViêt Nam
11%
CountryYémen
11%
CountryZambie
11%
CountryZimbabwe
11%
CountryAfghanistan
10%
CountryAfrique du Sud
10%
CountryAlbanie
10%
CountryAndorre
10%
CountryAngola
10%
CountryAntigua-et-Barbuda
10%
CountryArabie Saoudite
10%
CountryArgentine
10%
CountryArménie
10%
CountryAustralie
10%
CountryAutriche
10%
CountryAzerbaïdjan
10%
CountryBahamas
10%
CountryBahreïn
10%
CountryBangladesh
10%
CountryBarbade
10%
CountryBelgique
10%
Country | Country Belize
10%
CountryBénin
10%
CountryBhoutan
10%
CountryBiélorussie
10%
CountryBirmanie
10%
CountryBolivie
10%
CountryBosnie-Herzégovine
10%
CountryBotswana
10%
CountryBrunei
10%
CountryBulgarie
10%
CountryBurkina Faso
10%
CountryBurundi
10%
CountryCambodge
10%
CountryCameroun
10%
CountryCap-Vert
10%
CountryChili
10%
CountryChypre
10%
CountryColombie
10%
CountryComores
10%
CountryCorée du Nord
10%
CountryCorée du Sud
10%
CountryCosta Rica
10%
CountryCôte d'Ivoire
10%
CountryCroatie
10%
CountryCuba
10%
CountryDjibouti
10%
CountryDominique
10%
CountryÉgypte
10%
CountryÉmirats arabes unis
10%
CountryÉquateur
10%
CountryÉrythrée
10%
CountryEstonie
10%
CountryEswatini
10%
CountryÉthiopie
10%
CountryFidji
10%
CountryGabon
10%
CountryGambie
10%
CountryGéorgie
10%
CountryGhana
10%
CountryGrenade
10%
CountryGuatemala
10%
CountryGuinée
10%
CountryGuinée-Bissau
10%
CountryGuinée équatoriale
10%
CountryGuyana
10%
CountryHaïti
10%
CountryHonduras
10%
CountryHongrie
10%
CountryÎle Maurice
10%
CountryÎles Marshall
10%
CountryInde
10%
CountryIndonésie
10%
CountryIrak
10%
CountryIran
10%
CountryIrlande
10%
CountryIslande
10%
CountryIsraël
10%
CountryJamaïque
10%
CountryJapon
10%
CountryJordanie
10%
CountryKazakhstan
10%
CountryKenya
10%
CountryKirghizistan
10%
CountryKiribati
10%
CountryKosovo
10%
CountryKoweït
10%
CountryLaos
10%
CountryLesotho
10%
CountryLettonie
10%
CountryLiban
10%
CountryLiberia
10%
CountryLibye
10%
CountryLiechtenstein
10%
CountryLituanie
10%
CountryLuxembourg
10%
CountryMacédoine du Nord
10%
CountryMadagascar
10%
CountryMalaisie
10%
CountryMalawi
10%
CountryMaldives
10%
CountryMali
10%
CountryMalte
10%
CountryMauritanie
10%
CountryMicronésie
10%
CountryMoldavie
10%
CountryMonaco
10%
CountryMonténégro
10%
CountryMozambique
10%
CountryNamibie
10%
CountryNauru
10%
CountryNépal
10%
CountryNicaragua
10%
CountryNiger
10%
CountryNigeria
10%
Country | Country Nouvelle-Zélande
10%
CountryOman
10%
CountryOuganda
10%
CountryOuzbékistan
10%
CountryPakistan
10%
CountryPalaos
10%
CountryPanama
10%
CountryPapouasie-Nouvelle-Guinée
10%
CountryParaguay
10%
CountryPays-Bas
10%
CountryPays Mystère
10%
CountryPérou
10%
CountryPhilippines
10%
CountryPologne
10%
CountryQatar
10%
CountryRépublique Centrafricaine
10%
CountryRépublique démocratique du Congo
10%
CountryRépublique dominicaine
10%
CountryRépublique du Congo
10%
CountryRépublique tchèque
10%
CountryRoumanie
10%
CountryRwanda
10%
CountrySaint-Christophe- et-Niévès
10%
CountrySainte-Lucie
10%
CountrySaint-Marin
10%
CountrySaint-Vincent-et-les-Grenadines
10%
CountrySalomon
10%
CountrySalvador
10%
Country | Country | Country Samoa
10%
CountrySao Tomé-et-Principe
10%
CountrySénégal
10%
CountrySerbie
10%
CountrySeychelles
10%
CountrySierra Leone
10%
Country | Country Singapour
10%
CountrySlovaquie
10%
CountrySlovénie
10%
CountrySomalie
10%
CountrySoudan du Sud
10%
CountrySri Lanka
10%
CountrySuède
10%
CountrySuisse
10%
CountrySuriname
10%
CountrySyrie
10%
CountryTadjikistan
10%
CountryTaïwan
10%
CountryTanzanie
10%
CountryTchad
10%
CountryThaïlande
10%
CountryTimor oriental
10%
CountryTogo
10%
Country | Country Tonga
10%
CountryTrinité-et-Tobago
10%
CountryTunisie
10%
CountryTurkménistan
10%
CountryTuvalu
10%
CountryUkraine
10%
CountryUruguay
10%
CountryVanuatu
10%
CountryVatican
10%
CountryVenezuela
10%
CountryViêt Nam
10%
CountryYémen
10%
CountryZambie
10%
CountryZimbabwe
10%
CountryAfghanistan
9%
CountryAfrique du Sud
9%
CountryAlbanie
9%
CountryAndorre
9%
CountryAngola
9%
CountryAntigua-et-Barbuda
9%
CountryArabie Saoudite
9%
CountryArgentine
9%
CountryArménie
9%
CountryAutriche
9%
CountryAzerbaïdjan
9%
CountryBahamas
9%
CountryBahreïn
9%
CountryBangladesh
9%
CountryBarbade
9%
CountryBelgique
9%
CountryBelize
9%
CountryBénin
9%
CountryBhoutan
9%
CountryBiélorussie
9%
CountryBirmanie
9%
CountryBolivie
9%
CountryBosnie-Herzégovine
9%
CountryBotswana
9%
CountryBrunei
9%
CountryBurkina Faso
9%
CountryCambodge
9%
CountryCameroun
9%
CountryCap-Vert
9%
CountryChili
9%
CountryChypre
9%
CountryColombie
9%
CountryComores
9%
CountryCorée du Nord
9%
CountryCorée du Sud
9%
CountryCosta Rica
9%
CountryCôte d'Ivoire
9%
CountryCroatie
9%
CountryCuba
9%
CountryDanemark
9%
CountryDjibouti
9%
CountryDominique
9%
CountryÉmirats arabes unis
9%
CountryÉquateur
9%
CountryEswatini
9%
CountryÉthiopie
9%
CountryFidji
9%
CountryFinlande
9%
CountryGabon
9%
CountryGambie
9%
CountryGéorgie
9%
CountryGhana
9%
CountryGrèce
9%
CountryGrenade
9%
CountryGuatemala
9%
CountryGuinée
9%
CountryGuinée-Bissau
9%
CountryGuinée équatoriale
9%
CountryGuyana
9%
CountryHaïti
9%
CountryHonduras
9%
CountryÎle Maurice
9%
CountryÎles Marshall
9%
CountryInde
9%
CountryIndonésie
9%
CountryIrak
9%
CountryIrlande
9%
CountryIslande
9%
CountryIsraël
9%
CountryJamaïque
9%
CountryJordanie
9%
CountryKazakhstan
9%
CountryKenya
9%
CountryKirghizistan
9%
CountryKiribati
9%
CountryKosovo
9%
CountryKoweït
9%
CountryLaos
9%
CountryLesotho
9%
CountryLettonie
9%
CountryLiban
9%
CountryLiberia
9%
CountryLibye
9%
CountryLiechtenstein
9%
CountryLituanie
9%
CountryLuxembourg
9%
CountryMacédoine du Nord
9%
CountryMadagascar
9%
CountryMalaisie
9%
CountryMaldives
9%
CountryMali
9%
CountryMalte
9%
CountryMauritanie
9%
CountryMicronésie
9%
CountryMoldavie
9%
CountryMonaco
9%
CountryMonténégro
9%
CountryMozambique
9%
CountryNamibie
9%
CountryNauru
9%
CountryNépal
9%
CountryNicaragua
9%
CountryNiger
9%
CountryNigeria
9%
CountryNorvège
9%
Country | Country Nouvelle-Zélande
9%
CountryOman
9%
CountryOuganda
9%
CountryOuzbékistan
9%
CountryPakistan
9%
CountryPalaos
9%
CountryPanama
9%
CountryPapouasie-Nouvelle-Guinée
9%
CountryParaguay
9%
CountryPays-Bas
9%
CountryPays Mystère
9%
CountryPérou
9%
CountryPhilippines
9%
CountryPologne
9%
CountryQatar
9%
CountryRépublique Centrafricaine
9%
CountryRépublique démocratique du Congo
9%
CountryRépublique dominicaine
9%
CountryRépublique du Congo
9%
CountryRépublique tchèque
9%
CountryRoumanie
9%
CountryRoyaume-Uni
9%
CountryRwanda
9%
CountrySaint-Christophe- et-Niévès
9%
CountrySainte-Lucie
9%
CountrySaint-Marin
9%
CountrySaint-Vincent-et-les-Grenadines
9%
CountrySalomon
9%
CountrySalvador
9%
Country Samoa
9%
CountrySao Tomé-et-Principe
9%
CountrySénégal
9%
CountrySerbie
9%
CountrySeychelles
9%
CountrySierra Leone
9%
CountrySingapour
9%
CountrySlovaquie
9%
CountrySlovénie
9%
CountrySomalie
9%
CountrySoudan
9%
CountrySri Lanka
9%
CountrySuède
9%
CountrySuisse
9%
CountrySuriname
9%
CountrySyrie
9%
CountryTadjikistan
9%
CountryTaïwan
9%
CountryTanzanie
9%
CountryTchad
9%
CountryThaïlande
9%
CountryTimor oriental
9%
CountryTogo
9%
CountryTonga
9%
CountryTrinité-et-Tobago
9%
CountryTunisie
9%
CountryTurkménistan
9%
CountryTurquie
9%
CountryTuvalu
9%
CountryUruguay
9%
CountryVanuatu
9%
CountryVatican
9%
CountryVenezuela
9%
CountryViêt Nam
9%
CountryYémen
9%
CountryZambie
9%
CountryZimbabwe
9%
CountryAfghanistan
8%
CountryAlbanie
8%
CountryAngola
8%
CountryAntigua-et-Barbuda
8%
CountryArabie Saoudite
8%
CountryArménie
8%
CountryAutriche
8%
CountryAzerbaïdjan
8%
CountryBahamas
8%
CountryBahreïn
8%
CountryBangladesh
8%
CountryBarbade
8%
CountryBelgique
8%
CountryBelize
8%
CountryBhoutan
8%
CountryBiélorussie
8%
CountryBirmanie
8%
CountryBolivie
8%
CountryBotswana
8%
CountryBrunei
8%
CountryBulgarie
8%
CountryBurkina Faso
8%
CountryBurundi
8%
CountryCambodge
8%
CountryCameroun
8%
CountryCap-Vert
8%
CountryChili
8%
CountryChypre
8%
CountryColombie
8%
CountryComores
8%
CountryCorée du Nord
8%
CountryCorée du Sud
8%
CountryCosta Rica
8%
CountryCôte d'Ivoire
8%
CountryCroatie
8%
CountryCuba
8%
CountryDanemark
8%
CountryDjibouti
8%
CountryDominique
8%
CountryÉgypte
8%
CountryÉmirats arabes unis
8%
CountryÉquateur
8%
CountryÉrythrée
8%
CountryEstonie
8%
CountryEswatini
8%
CountryÉthiopie
8%
CountryFidji
8%
CountryFinlande
8%
CountryGabon
8%
CountryGambie
8%
CountryGéorgie
8%
CountryGhana
8%
CountryGrèce
8%
CountryGrenade
8%
CountryGuatemala
8%
CountryGuinée
8%
CountryGuinée-Bissau
8%
CountryGuinée équatoriale
8%
CountryGuyana
8%
CountryHaïti
8%
CountryHonduras
8%
CountryHongrie
8%
CountryÎle Maurice
8%
CountryÎles Marshall
8%
CountryIndonésie
8%
CountryIrak
8%
CountryIran
8%
CountryIrlande
8%
CountryIslande
8%
CountryIsraël
8%
CountryJamaïque
8%
CountryJordanie
8%
CountryKazakhstan
8%
CountryKenya
8%
CountryKirghizistan
8%
CountryKiribati
8%
CountryKosovo
8%
CountryKoweït
8%
CountryLaos
8%
CountryLesotho
8%
CountryLiban
8%
CountryLiberia
8%
CountryLibye
8%
CountryLiechtenstein
8%
CountryLuxembourg
8%
CountryMadagascar
8%
CountryMalawi
8%
CountryMaldives
8%
CountryMali
8%
CountryMalte
8%
CountryMauritanie
8%
CountryMicronésie
8%
CountryMoldavie
8%
CountryMonaco
8%
CountryMongolie
8%
CountryMonténégro
8%
CountryMozambique
8%
CountryNamibie
8%
CountryNauru
8%
CountryNépal
8%
CountryNicaragua
8%
CountryNiger
8%
CountryNigeria
8%
CountryNorvège
8%
CountryNouvelle-Zélande
8%
CountryOman
8%
CountryOuganda
8%
CountryOuzbékistan
8%
CountryPakistan
8%
CountryPalaos
8%
Country | Country Panama
8%
CountryPapouasie-Nouvelle-Guinée
8%
CountryParaguay
8%
CountryPays Mystère
8%
CountryPérou
8%
CountryPhilippines
8%
CountryPologne
8%
CountryQatar
8%
CountryRépublique Centrafricaine
8%
CountryRépublique dominicaine
8%
CountryRoumanie
8%
CountryRoyaume-Uni
8%
CountryRwanda
8%
CountrySaint-Christophe- et-Niévès
8%
CountrySainte-Lucie
8%
CountrySaint-Marin
8%
CountrySaint-Vincent-et-les-Grenadines
8%
CountrySalomon
8%
CountrySalvador
8%
Country | Country Samoa
8%
CountrySao Tomé-et-Principe
8%
CountrySénégal
8%
CountrySerbie
8%
CountrySeychelles
8%
CountrySierra Leone
8%
CountrySingapour
8%
CountrySomalie
8%
CountrySoudan
8%
CountrySoudan du Sud
8%
CountrySri Lanka
8%
CountrySuède
8%
CountrySuisse
8%
CountrySuriname
8%
CountrySyrie
8%
CountryTadjikistan
8%
CountryTaïwan
8%
CountryTanzanie
8%
CountryTchad
8%
CountryThaïlande
8%
CountryTimor oriental
8%
CountryTogo
8%
CountryTonga
8%
CountryTrinité-et-Tobago
8%
CountryTurkménistan
8%
CountryTurquie
8%
CountryTuvalu
8%
CountryUkraine
8%
CountryUruguay
8%
CountryVanuatu
8%
CountryVatican
8%
CountryVenezuela
8%
CountryViêt Nam
8%
CountryYémen
8%
CountryZambie
8%
CountryZimbabwe
8%
CountryAfghanistan
7%
CountryAfrique du Sud
7%
CountryAlbanie
7%
CountryAndorre
7%
CountryAngola
7%
CountryAntigua-et-Barbuda
7%
CountryArgentine
7%
CountryArménie
7%
CountryAzerbaïdjan
7%
CountryBahamas
7%
CountryBahreïn
7%
CountryBangladesh
7%
CountryBarbade
7%
CountryBelize
7%
CountryBénin
7%
CountryBhoutan
7%
CountryBiélorussie
7%
CountryBirmanie
7%
CountryBolivie
7%
CountryBosnie-Herzégovine
7%
CountryBotswana
7%
CountryBrunei
7%
CountryBulgarie
7%
CountryBurkina Faso
7%
CountryBurundi
7%
CountryCambodge
7%
CountryCameroun
7%
CountryCap-Vert
7%
CountryChili
7%
CountryChypre
7%
CountryColombie
7%
CountryComores
7%
CountryCorée du Nord
7%
CountryCosta Rica
7%
CountryCôte d'Ivoire
7%
CountryCroatie
7%
CountryCuba
7%
CountryDanemark
7%
CountryDjibouti
7%
CountryDominique
7%
CountryÉmirats arabes unis
7%
CountryÉquateur
7%
CountryÉrythrée
7%
CountryEstonie
7%
CountryEswatini
7%
CountryÉthiopie
7%
CountryFidji
7%
CountryFinlande
7%
CountryGabon
7%
CountryGambie
7%
CountryGéorgie
7%
CountryGhana
7%
CountryGrenade
7%
CountryGuatemala
7%
CountryGuinée
7%
CountryGuinée-Bissau
7%
CountryGuinée équatoriale
7%
CountryGuyana
7%
CountryHaïti
7%
CountryHonduras
7%
CountryHongrie
7%
CountryÎle Maurice
7%
CountryÎles Marshall
7%
CountryIndonésie
7%
CountryIrak
7%
CountryIrlande
7%
CountryIslande
7%
CountryIsraël
7%
CountryJamaïque
7%
CountryJordanie
7%
CountryKazakhstan
7%
CountryKenya
7%
CountryKirghizistan
7%
CountryKiribati
7%
CountryKosovo
7%
CountryKoweït
7%
CountryLaos
7%
CountryLesotho
7%
CountryLettonie
7%
CountryLiban
7%
CountryLiberia
7%
CountryLibye
7%
CountryLiechtenstein
7%
CountryLituanie
7%
CountryLuxembourg
7%
CountryMacédoine du Nord
7%
CountryMadagascar
7%
CountryMalaisie
7%
CountryMalawi
7%
CountryMaldives
7%
CountryMalte
7%
CountryMauritanie
7%
CountryMicronésie
7%
CountryMoldavie
7%
CountryMonténégro
7%
CountryMozambique
7%
CountryNamibie
7%
CountryNauru
7%
CountryNépal
7%
CountryNicaragua
7%
CountryNiger
7%
CountryNigeria
7%
CountryNorvège
7%
CountryNouvelle-Zélande
7%
CountryOman
7%
CountryOuganda
7%
CountryOuzbékistan
7%
CountryPakistan
7%
CountryPalaos
7%
CountryPanama
7%
CountryPapouasie-Nouvelle-Guinée
7%
CountryParaguay
7%
CountryPays-Bas
7%
CountryPays Mystère
7%
CountryPérou
7%
CountryPhilippines
7%
CountryPologne
7%
CountryQatar
7%
CountryRépublique Centrafricaine
7%
CountryRépublique démocratique du Congo
7%
CountryRépublique dominicaine
7%
CountryRépublique tchèque
7%
CountryRoumanie
7%
CountryRwanda
7%
CountrySaint-Christophe- et-Niévès
7%
CountrySainte-Lucie
7%
CountrySaint-Marin
7%
CountrySaint-Vincent-et-les-Grenadines
7%
CountrySalomon
7%
CountrySalvador
7%
CountrySamoa
7%
CountrySao Tomé-et-Principe
7%
CountrySerbie
7%
CountrySeychelles
7%
CountrySierra Leone
7%
CountrySingapour
7%
CountrySlovaquie
7%
CountrySlovénie
7%
CountrySomalie
7%
CountrySoudan du Sud
7%
CountrySri Lanka
7%
CountrySuède
7%
CountrySuriname
7%
CountrySyrie
7%
CountryTadjikistan
7%
CountryTaïwan
7%
CountryTanzanie
7%
CountryTchad
7%
CountryThaïlande
7%
CountryTimor oriental
7%
CountryTogo
7%
CountryTonga
7%
CountryTrinité-et-Tobago
7%
CountryTunisie
7%
CountryTurkménistan
7%
CountryTurquie
7%
Country | Country Tuvalu
7%
CountryUkraine
7%
CountryUruguay
7%
CountryVanuatu
7%
CountryVatican
7%
CountryViêt Nam
7%
CountryYémen
7%
CountryZambie
7%
CountryZimbabwe
7%
CountryAfrique du Sud
6%
CountryAlbanie
6%
CountryAngola
6%
CountryAntigua-et-Barbuda
6%
CountryArménie
6%
CountryAutriche
6%
CountryAzerbaïdjan
6%
CountryBahamas
6%
CountryBahreïn
6%
CountryBangladesh
6%
CountryBarbade
6%
CountryBénin
6%
CountryBolivie
6%
CountryBrunei
6%
CountryBurundi
6%
CountryCameroun
6%
CountryChili
6%
CountryColombie
6%
CountryComores
6%
CountryCorée du Nord
6%
CountryCorée du Sud
6%
CountryCosta Rica
6%
CountryCôte d'Ivoire
6%
CountryCroatie
6%
CountryCuba
6%
CountryDanemark
6%
CountryDjibouti
6%
CountryDominique
6%
CountryÉgypte
6%
CountryÉquateur
6%
CountryEstonie
6%
CountryEswatini
6%
CountryFidji
6%
CountryFinlande
6%
CountryGhana
6%
CountryGrenade
6%
CountryGuatemala
6%
CountryGuinée
6%
CountryGuinée-Bissau
6%
CountryGuinée équatoriale
6%
CountryGuyana
6%
CountryHaïti
6%
CountryHonduras
6%
CountryÎle Maurice
6%
CountryÎles Marshall
6%
CountryIndonésie
6%
CountryIrlande
6%
CountryIslande
6%
CountryJamaïque
6%
CountryJordanie
6%
CountryKenya
6%
CountryKirghizistan
6%
CountryKiribati
6%
CountryLiberia
6%
CountryLuxembourg
6%
CountryMacédoine du Nord
6%
CountryMalaisie
6%
CountryMalte
6%
CountryMicronésie
6%
CountryMoldavie
6%
CountryMonaco
6%
CountryMongolie
6%
CountryMozambique
6%
CountryNépal
6%
CountryNicaragua
6%
CountryNiger
6%
CountryNigeria
6%
CountryNorvège
6%
CountryPakistan
6%
CountryPanama
6%
CountryPapouasie-Nouvelle-Guinée
6%
CountryParaguay
6%
CountryPays-Bas
6%
CountryPays Mystère
6%
CountryPérou
6%
CountryPologne
6%
CountryRépublique Centrafricaine
6%
CountryRépublique démocratique du Congo
6%
CountryRépublique dominicaine
6%
CountryRépublique du Congo
6%
CountryRoumanie
6%
CountryRwanda
6%
CountrySaint-Christophe- et-Niévès
6%
CountrySainte-Lucie
6%
CountrySaint-Vincent-et-les-Grenadines
6%
CountrySalomon
6%
Country | Country Samoa
6%
CountrySao Tomé-et-Principe
6%
CountrySénégal
6%
CountrySeychelles
6%
CountrySierra Leone
6%
CountrySingapour
6%
CountrySomalie
6%
CountrySuède
6%
CountryTadjikistan
6%
CountryTchad
6%
CountryThaïlande
6%
CountryTonga
6%
CountryTunisie
6%
CountryTurkménistan
6%
CountryTurquie
6%
CountryTuvalu
6%
CountryVanuatu
6%
CountryVenezuela
6%
CountryViêt Nam
6%
CountryYémen
6%
CountryZimbabwe
6%
CountryAfghanistan
5%
CountryAfrique du Sud
5%
CountryAlbanie
5%
CountryAndorre
5%
CountryAngola
5%
CountryArabie Saoudite
5%
CountryArménie
5%
CountryAutriche
5%
CountryBahamas
5%
CountryBahreïn
5%
CountryBangladesh
5%
CountryBelize
5%
CountryBénin
5%
CountryBhoutan
5%
CountryBiélorussie
5%
CountryBirmanie
5%
CountryBolivie
5%
CountryBosnie-Herzégovine
5%
CountryBotswana
5%
CountryBrunei
5%
CountryBulgarie
5%
CountryBurkina Faso
5%
CountryBurundi
5%
CountryCambodge
5%
CountryCameroun
5%
CountryCap-Vert
5%
CountryChili
5%
CountryChypre
5%
CountryColombie
5%
CountryComores
5%
CountryCorée du Nord
5%
CountryCorée du Sud
5%
CountryCosta Rica
5%
CountryCôte d'Ivoire
5%
CountryCroatie
5%
CountryDanemark
5%
CountryDominique
5%
CountryÉgypte
5%
CountryÉmirats arabes unis
5%
CountryÉquateur
5%
CountryÉrythrée
5%
CountryEstonie
5%
CountryÉthiopie
5%
CountryFidji
5%
CountryFinlande
5%
CountryGabon
5%
CountryGambie
5%
CountryGéorgie
5%
CountryGhana
5%
CountryGrèce
5%
CountryGuatemala
5%
CountryGuinée
5%
CountryGuinée-Bissau
5%
CountryGuyana
5%
CountryHaïti
5%
CountryHonduras
5%
CountryHongrie
5%
CountryIndonésie
5%
CountryIrak
5%
CountryIran
5%
CountryIrlande
5%
CountryIslande
5%
CountryJamaïque
5%
CountryJordanie
5%
CountryKazakhstan
5%
CountryKirghizistan
5%
CountryKiribati
5%
CountryKosovo
5%
CountryKoweït
5%
CountryLaos
5%
CountryLesotho
5%
CountryLettonie
5%
CountryLiban
5%
CountryLiberia
5%
CountryLibye
5%
CountryLiechtenstein
5%
CountryLituanie
5%
CountryLuxembourg
5%
CountryMacédoine du Nord
5%
CountryMadagascar
5%
CountryMalaisie
5%
CountryMalawi
5%
CountryMaldives
5%
CountryMali
5%
CountryMauritanie
5%
CountryMicronésie
5%
CountryMoldavie
5%
CountryMonténégro
5%
CountryMozambique
5%
CountryNamibie
5%
CountryNépal
5%
CountryNicaragua
5%
CountryNigeria
5%
CountryNorvège
5%
CountryNouvelle-Zélande
5%
CountryOman
5%
CountryOuganda
5%
CountryOuzbékistan
5%
CountryPakistan
5%
CountryPalaos
5%
CountryPanama
5%
CountryPapouasie-Nouvelle-Guinée
5%
CountryParaguay
5%
CountryPays-Bas
5%
CountryPérou
5%
CountryPhilippines
5%
CountryPologne
5%
CountryQatar
5%
CountryRépublique Centrafricaine
5%
CountryRépublique démocratique du Congo
5%
CountryRépublique dominicaine
5%
CountryRépublique du Congo
5%
CountryRépublique tchèque
5%
CountryRoumanie
5%
CountryRwanda
5%
CountrySainte-Lucie
5%
CountrySaint-Marin
5%
CountrySalvador
5%
CountrySao Tomé-et-Principe
5%
CountrySénégal
5%
CountrySerbie
5%
CountrySeychelles
5%
CountrySierra Leone
5%
CountrySingapour
5%
CountrySlovaquie
5%
CountrySlovénie
5%
CountrySomalie
5%
CountrySoudan
5%
CountrySoudan du Sud
5%
CountrySri Lanka
5%
CountrySuède
5%
CountrySuriname
5%
CountrySyrie
5%
CountryTadjikistan
5%
CountryTaïwan
5%
CountryTanzanie
5%
CountryTchad
5%
CountryThaïlande
5%
CountryTogo
5%
CountryTrinité-et-Tobago
5%
CountryTunisie
5%
CountryTurkménistan
5%
CountryTurquie
5%
CountryUkraine
5%
CountryUruguay
5%
CountryVatican
5%
CountryVenezuela
5%
CountryViêt Nam
5%
CountryYémen
5%
CountryZambie
5%
CountryZimbabwe
5%
CountryAfghanistan
4%
CountryAlbanie
4%
CountryAndorre
4%
CountryAngola
4%
CountryAntigua-et-Barbuda
4%
CountryArabie Saoudite
4%
CountryAutriche
4%
CountryAzerbaïdjan
4%
CountryBahamas
4%
CountryBahreïn
4%
CountryBangladesh
4%
CountryBarbade
4%
CountryBelize
4%
CountryBénin
4%
CountryBhoutan
4%
CountryBiélorussie
4%
CountryBirmanie
4%
CountryBolivie
4%
CountryBosnie-Herzégovine
4%
CountryBotswana
4%
CountryBrunei
4%
CountryBulgarie
4%
CountryBurkina Faso
4%
CountryBurundi
4%
CountryCambodge
4%
CountryCameroun
4%
CountryCap-Vert
4%
CountryChypre
4%
CountryColombie
4%
CountryComores
4%
CountryCorée du Nord
4%
CountryCorée du Sud
4%
CountryCosta Rica
4%
CountryCôte d'Ivoire
4%
CountryCroatie
4%
CountryCuba
4%
CountryDanemark
4%
CountryDjibouti
4%
CountryDominique
4%
CountryÉgypte
4%
CountryÉmirats arabes unis
4%
CountryÉquateur
4%
CountryEstonie
4%
CountryEswatini
4%
CountryÉthiopie
4%
CountryFidji
4%
CountryFinlande
4%
CountryGabon
4%
CountryGambie
4%
CountryGéorgie
4%
CountryGhana
4%
CountryGrèce
4%
CountryGrenade
4%
CountryGuatemala
4%
CountryGuinée
4%
CountryGuinée-Bissau
4%
CountryGuinée équatoriale
4%
CountryGuyana
4%
CountryHaïti
4%
CountryHonduras
4%
CountryHongrie
4%
CountryÎle Maurice
4%
CountryÎles Marshall
4%
CountryIndonésie
4%
CountryIrak
4%
CountryIran
4%
CountryIrlande
4%
CountryIsraël
4%
CountryJamaïque
4%
CountryJordanie
4%
CountryKenya
4%
CountryKirghizistan
4%
CountryKiribati
4%
CountryKosovo
4%
CountryKoweït
4%
CountryLaos
4%
CountryLesotho
4%
CountryLettonie
4%
CountryLiban
4%
CountryLiberia
4%
CountryLibye
4%
CountryLiechtenstein
4%
CountryLituanie
4%
CountryLuxembourg
4%
CountryMacédoine du Nord
4%
CountryMadagascar
4%
CountryMalaisie
4%
CountryMalawi
4%
CountryMaldives
4%
CountryMali
4%
CountryMalte
4%
CountryMauritanie
4%
CountryMicronésie
4%
CountryMoldavie
4%
CountryMonaco
4%
CountryMongolie
4%
CountryMonténégro
4%
CountryMozambique
4%
CountryNamibie
4%
Country | Country Nauru
4%
CountryNépal
4%
Country | Country Niger
4%
CountryNigeria
4%
CountryNorvège
4%
CountryNouvelle-Zélande
4%
CountryOman
4%
CountryOuganda
4%
CountryOuzbékistan
4%
CountryPakistan
4%
CountryPalaos
4%
CountryPanama
4%
CountryPapouasie-Nouvelle-Guinée
4%
CountryParaguay
4%
CountryPays-Bas
4%
CountryPays Mystère
4%
CountryPérou
4%
CountryPhilippines
4%
CountryQatar
4%
CountryRépublique démocratique du Congo
4%
CountryRépublique dominicaine
4%
CountryRépublique du Congo
4%
CountryRépublique tchèque
4%
CountryRoumanie
4%
CountryRwanda
4%
CountrySaint-Christophe- et-Niévès
4%
CountrySainte-Lucie
4%
CountrySaint-Marin
4%
CountrySaint-Vincent-et-les-Grenadines
4%
CountrySalomon
4%
CountrySalvador
4%
Country | Country Samoa
4%
Country | Country Sao Tomé-et-Principe
4%
CountrySénégal
4%
CountrySerbie
4%
CountrySeychelles
4%
CountrySierra Leone
4%
CountrySingapour
4%
CountrySlovaquie
4%
CountrySlovénie
4%
CountrySomalie
4%
CountrySoudan
4%
CountrySoudan du Sud
4%
CountrySri Lanka
4%
CountrySuriname
4%
CountrySyrie
4%
CountryTadjikistan
4%
CountryTaïwan
4%
CountryTanzanie
4%
CountryTchad
4%
CountryThaïlande
4%
CountryTimor oriental
4%
CountryTonga
4%
CountryTrinité-et-Tobago
4%
CountryTurkménistan
4%
CountryTurquie
4%
CountryTuvalu
4%
CountryUkraine
4%
CountryUruguay
4%
CountryVanuatu
4%
CountryVatican
4%
CountryVenezuela
4%
CountryViêt Nam
4%
CountryYémen
4%
CountryZambie
4%
CountryZimbabwe
4%
CountryAfghanistan
3%
CountryAlbanie
3%
CountryAndorre
3%
CountryAngola
3%
CountryAntigua-et-Barbuda
3%
CountryArabie Saoudite
3%
CountryArménie
3%
CountryAutriche
3%
CountryAzerbaïdjan
3%
CountryBahamas
3%
CountryBahreïn
3%
CountryBangladesh
3%
CountryBarbade
3%
CountryBelize
3%
CountryBénin
3%
CountryBhoutan
3%
CountryBiélorussie
3%
CountryBirmanie
3%
CountryBolivie
3%
CountryBosnie-Herzégovine
3%
CountryBotswana
3%
CountryBrunei
3%
CountryBulgarie
3%
CountryBurkina Faso
3%
CountryBurundi
3%
CountryCambodge
3%
CountryCameroun
3%
CountryCap-Vert
3%
CountryChypre
3%
CountryComores
3%
CountryCorée du Nord
3%
CountryCorée du Sud
3%
CountryCosta Rica
3%
CountryCôte d'Ivoire
3%
CountryCroatie
3%
CountryCuba
3%
CountryDjibouti
3%
CountryDominique
3%
CountryÉquateur
3%
CountryÉrythrée
3%
CountryEstonie
3%
CountryEswatini
3%
CountryÉthiopie
3%
CountryFidji
3%
CountryFinlande
3%
CountryGabon
3%
CountryGambie
3%
CountryGéorgie
3%
CountryGhana
3%
CountryGrèce
3%
CountryGrenade
3%
CountryGuatemala
3%
CountryGuinée-Bissau
3%
CountryGuinée équatoriale
3%
CountryGuyana
3%
CountryHonduras
3%
CountryHongrie
3%
CountryÎle Maurice
3%
CountryÎles Marshall
3%
CountryIndonésie
3%
CountryIrak
3%
CountryIran
3%
CountryIsraël
3%
CountryJamaïque
3%
CountryJordanie
3%
CountryKenya
3%
CountryKirghizistan
3%
CountryKiribati
3%
CountryKosovo
3%
CountryKoweït
3%
CountryLaos
3%
CountryLesotho
3%
CountryLettonie
3%
CountryLiban
3%
CountryLiberia
3%
CountryLibye
3%
CountryLiechtenstein
3%
CountryLituanie
3%
CountryLuxembourg
3%
CountryMacédoine du Nord
3%
CountryMadagascar
3%
CountryMalawi
3%
CountryMaldives
3%
CountryMalte
3%
CountryMauritanie
3%
CountryMicronésie
3%
CountryMoldavie
3%
CountryMonaco
3%
CountryMongolie
3%
CountryMonténégro
3%
CountryMozambique
3%
CountryNamibie
3%
CountryNauru
3%
CountryNicaragua
3%
CountryNiger
3%
CountryNigeria
3%
CountryNouvelle-Zélande
3%
CountryOman
3%
CountryOuganda
3%
CountryOuzbékistan
3%
CountryPalaos
3%
CountryPapouasie-Nouvelle-Guinée
3%
CountryParaguay
3%
CountryPays-Bas
3%
CountryPays Mystère
3%
CountryRépublique Centrafricaine
3%
CountryRépublique dominicaine
3%
CountryRépublique tchèque
3%
CountryRoumanie
3%
CountryRwanda
3%
CountrySaint-Christophe- et-Niévès
3%
CountrySainte-Lucie
3%
CountrySaint-Marin
3%
CountrySaint-Vincent-et-les-Grenadines
3%
CountrySalomon
3%
CountrySalvador
3%
Country | Country Samoa
3%
CountrySao Tomé-et-Principe
3%
CountrySénégal
3%
CountrySerbie
3%
CountrySeychelles
3%
CountrySierra Leone
3%
CountrySlovaquie
3%
CountrySlovénie
3%
CountrySomalie
3%
CountrySoudan
3%
CountrySoudan du Sud
3%
Country | Country | Country Suriname
3%
CountrySyrie
3%
CountryTadjikistan
3%
CountryTaïwan
3%
CountryTanzanie
3%
CountryTchad
3%
CountryThaïlande
3%
CountryTimor oriental
3%
CountryTogo
3%
CountryTonga
3%
CountryTrinité-et-Tobago
3%
CountryTurkménistan
3%
CountryTuvalu
3%
CountryUkraine
3%
CountryUruguay
3%
CountryVanuatu
3%
CountryVatican
3%
CountryVenezuela
3%
CountryViêt Nam
3%
CountryYémen
3%
CountryZambie
3%
CountryZimbabwe
3%
CountryAfghanistan
2%
CountryAlbanie
2%
CountryAndorre
2%
CountryAngola
2%
CountryAntigua-et-Barbuda
2%
CountryArabie Saoudite
2%
CountryArménie
2%
CountryAzerbaïdjan
2%
CountryBahamas
2%
CountryBahreïn
2%
CountryBangladesh
2%
CountryBarbade
2%
CountryBelize
2%
CountryBénin
2%
CountryBhoutan
2%
CountryBiélorussie
2%
CountryBirmanie
2%
CountryBosnie-Herzégovine
2%
CountryBotswana
2%
CountryBrunei
2%
CountryBulgarie
2%
CountryBurkina Faso
2%
CountryBurundi
2%
CountryCambodge
2%
CountryCameroun
2%
CountryCap-Vert
2%
CountryChypre
2%
CountryComores
2%
CountryCosta Rica
2%
CountryCôte d'Ivoire
2%
CountryCroatie
2%
CountryDjibouti
2%
CountryDominique
2%
CountryÉmirats arabes unis
2%
CountryÉquateur
2%
CountryÉrythrée
2%
CountryEstonie
2%
CountryEswatini
2%
CountryÉthiopie
2%
CountryFidji
2%
CountryGabon
2%
CountryGambie
2%
CountryGéorgie
2%
CountryGhana
2%
CountryGrenade
2%
CountryGuinée
2%
Country | Country Guinée-Bissau
2%
CountryGuinée équatoriale
2%
CountryGuyana
2%
CountryHaïti
2%
CountryHongrie
2%
CountryÎle Maurice
2%
CountryÎles Marshall
2%
CountryIrak
2%
CountryIran
2%
CountryIsraël
2%
CountryJamaïque
2%
CountryJordanie
2%
CountryKazakhstan
2%
CountryKenya
2%
CountryKirghizistan
2%
CountryKiribati
2%
CountryKosovo
2%
CountryKoweït
2%
CountryLaos
2%
CountryLesotho
2%
CountryLettonie
2%
CountryLiban
2%
CountryLiberia
2%
CountryLibye
2%
CountryLiechtenstein
2%
CountryLituanie
2%
CountryLuxembourg
2%
CountryMacédoine du Nord
2%
CountryMadagascar
2%
CountryMalaisie
2%
CountryMalawi
2%
CountryMaldives
2%
CountryMalte
2%
CountryMauritanie
2%
CountryMicronésie
2%
CountryMoldavie
2%
CountryMonténégro
2%
CountryMozambique
2%
CountryNamibie
2%
CountryNauru
2%
CountryNépal
2%
CountryNicaragua
2%
CountryNiger
2%
CountryNigeria
2%
CountryOman
2%
CountryOuganda
2%
CountryOuzbékistan
2%
CountryPakistan
2%
CountryPalaos
2%
CountryPapouasie-Nouvelle-Guinée
2%
CountryPays Mystère
2%
CountryPhilippines
2%
CountryQatar
2%
CountryRépublique Centrafricaine
2%
CountryRépublique dominicaine
2%
CountryRépublique tchèque
2%
CountryRoumanie
2%
CountryRwanda
2%
CountrySaint-Christophe- et-Niévès
2%
CountrySainte-Lucie
2%
CountrySaint-Marin
2%
CountrySaint-Vincent-et-les-Grenadines
2%
CountrySalomon
2%
CountrySalvador
2%
Country | Country Samoa
2%
CountrySao Tomé-et-Principe
2%
CountrySerbie
2%
CountrySeychelles
2%
CountrySierra Leone
2%
CountrySingapour
2%
CountrySlovaquie
2%
CountrySlovénie
2%
CountrySomalie
2%
CountrySoudan
2%
CountrySoudan du Sud
2%
CountrySri Lanka
2%
CountrySuriname
2%
CountrySyrie
2%
CountryTadjikistan
2%
CountryTaïwan
2%
CountryTanzanie
2%
CountryTchad
2%
Country | Country Timor oriental
2%
CountryTogo
2%
CountryTonga
2%
CountryTrinité-et-Tobago
2%
CountryTurkménistan
2%
Country | Country Tuvalu
2%
CountryVanuatu
2%
CountryVatican
2%
CountryViêt Nam
2%
CountryYémen
2%
CountryZambie
2%
CountryZimbabwe
2%
CountryAfghanistan
1%
CountryArménie
1%
CountryAzerbaïdjan
1%
CountryBahreïn
1%
CountryBangladesh
1%
CountryBénin
1%
CountryBhoutan
1%
CountryBirmanie
1%
CountryBosnie-Herzégovine
1%
CountryBotswana
1%
CountryBrunei
1%
CountryBurkina Faso
1%
CountryBurundi
1%
CountryCambodge
1%
CountryCameroun
1%
CountryCap-Vert
1%
CountryChypre
1%
CountryComores
1%
CountryCôte d'Ivoire
1%
CountryDjibouti
1%
CountryÉmirats arabes unis
1%
CountryÉrythrée
1%
CountryEswatini
1%
CountryÉthiopie
1%
CountryFidji
1%
CountryGabon
1%
CountryGambie
1%
CountryGéorgie
1%
CountryGuinée-Bissau
1%
CountryGuinée équatoriale
1%
CountryÎle Maurice
1%
CountryÎles Marshall
1%
CountryIsraël
1%
CountryJordanie
1%
CountryKazakhstan
1%
CountryKirghizistan
1%
CountryKiribati
1%
CountryKosovo
1%
CountryKoweït
1%
CountryLesotho
1%
CountryLettonie
1%
CountryLiban
1%
CountryLiberia
1%
CountryLituanie
1%
CountryMacédoine du Nord
1%
CountryMalawi
1%
CountryMaldives
1%
CountryMicronésie
1%
CountryMoldavie
1%
CountryMonténégro
1%
CountryMozambique
1%
CountryNamibie
1%
CountryNauru
1%
CountryNépal
1%
CountryNigeria
1%
CountryOman
1%
CountryOuganda
1%
CountryOuzbékistan
1%
CountryPalaos
1%
CountryPapouasie-Nouvelle-Guinée
1%
CountryPays Mystère
1%
CountryQatar
1%
CountryRépublique Centrafricaine
1%
CountryRépublique tchèque
1%
CountryRwanda
1%
CountrySaint-Christophe- et-Niévès
1%
CountrySainte-Lucie
1%
CountrySaint-Marin
1%
CountrySalomon
1%
CountrySamoa
1%
CountrySao Tomé-et-Principe
1%
CountrySeychelles
1%
CountrySierra Leone
1%
CountrySlovaquie
1%
CountrySlovénie
1%
CountrySomalie
1%
CountrySoudan du Sud
1%
CountrySyrie
1%
CountryTadjikistan
1%
CountryTaïwan
1%
CountryTanzanie
1%
Country Timor oriental
1%
CountryTonga
1%
CountryTurkménistan
1%
CountryTuvalu
1%
CountryVanuatu
1%
CountryYémen
1%
CountryZambie
1%
CountryZimbabwe
1%

Distribution des résultats

Percentile par nombre de réponses

% des personnes avec chaque résultat

Votre développement - résultats

Vous n’avez pas pris ce quiz